The Blood-horse.

Bibliographic Details
Previous Title:Thoroughbred
Corporate Authors: Thoroughbred Owners and Breeders Association, American Thoroughbred Breeders Association
Format: Journal
Language:English
Published: Lexington, Ky. : Thos. B. Cromwell
Subjects:
Online Availability: Check for online availability

MARC

Tag First Indicator Second Indicator Subfields
LEADER 00000cas a2200000 a 4500
001 in00004455270
005 20220221220458.1
008 820505c192u9999kyumr p 0 a0eng d
010 |a sn 83003968  
022 0 |a 0006-4998 
032 |a 058180  |b USPS 
035 |a (OCoLC)08398192 
040 |a VPI  |c VPI  |d NSD  |d TMV  |d UtOrBLW 
042 |a nsdp 
049 |a [Shelved] [by Title] TMVM 
060 4 |a x 
222 4 |a The Blood-horse 
245 0 4 |a The Blood-horse. 
246 1 0 |a Bloodhorse 
264 1 |a Lexington, Ky. :  |b Thos. B. Cromwell 
300 |a volumes :  |b illustrations ;  |c 28 cm. 
310 |a Monthly  |b April 2021- 
321 |a Weekly 
336 |a text  |2 rdacontent  |b txt 
337 |a unmediated  |2 rdamedia 
338 |a volume  |2 rdacarrier  |b nc 
500 |a Title from cover; description based on: volume 16, number 1 (July 4, 1931). 
500 |a Issue for Feb. 27, 1999 includes: Top 100 racehorses of the 20th century. 
500 |a Bindery Color/Print: 860/W; ID : 2190  |5 TMV 
500 |a Volume 139:no.29(2013:July) - Includes special issue The Source Industry Directory 2013-2014. 
500 |a Volume 142:no.30(2016:July) is special issue The Source 2016-2017. 
500 |a One issue of each year will be the Stallion Register; bound separately under Stallion Register 
500 |a The Source bound in as normal issue beginning with 2015/2016. 
525 |a Supplements accompany some issues. 
525 |a Includes supplement for 1996: Thoroughbred racing at the crossroads. 
525 |a Includes special issue: Stallon register for 1999. 
525 |a Includes supplement for May 2, 1998: Kentucky Derby 
525 |a Has supplements: Stallion register; The source ... for international racing and breeding, 1997- ; and, National stakes conditions plus North American graded stakes for 1993-1994; National stakes conditions for 1994- includes North American racetrack directory; National stakes conditions, 1st quarter 2000 includes American graded stakes for 2000. 
550 |a Published by: American Thoroughbred Breeders Assn., Oct. 1935- Jan. 13, 1962; by Thoroughbred Owners and Breeders Assn., Jan. 20, 1962- 
580 |a Has supplement: Breeders' cup championship, Nov. 7, 1998. 
555 |a Index for 1998 also called supplement. 
650 0 |a Horses  |v Periodicals. 
650 0 |a Thoroughbred horse  |v Periodicals. 
650 0 |a Horse racing  |v Periodicals. 
650 0 |a Horse industry  |v Periodicals. 
650 0 |a Horses  |x Breeding  |v Periodicals. 
650 2 |a Breeding. 
650 2 |a Horses. 
655 2 |a Periodicals. 
710 2 |a Thoroughbred Owners and Breeders Association. 
710 2 |a American Thoroughbred Breeders Association. 
740 0 |a Stallion register. 
740 0 |a National stakes conditions plus North American graded stakes for 1993. 
740 0 |a National stakes conditions. 
740 0 |a North American racetrack directory. 
740 0 |a Thoroughbred racing at the crossroads. 
740 0 |a Breeders' cup championship. 
740 0 |a Kentucky Derby. 
740 0 |a American graded stakes. 
740 4 |a The source ... for international racing and breeding. 
772 1 |t Stallion register  |w (OCoLC)6253052 
780 0 0 |t Thoroughbred 
948 2 |a Ebsco Subscription Services  |g title number 125-888-198 (print) 
999 f f |s c2befec0-50cf-30c0-b237-67caaef85c44  |i 3eab1127-3b23-3d7b-9b7c-1583ce114a2f  |t 0 
952 f f |p ric  |a Texas A&M University  |b Rellis Campus  |c Joint Library Facility  |d Remote Storage  |t 0  |h Other scheme  |i unmediated -- volume  |k v.131  |l 2005:Nov./Dec.  |m 323890147949G 
952 f f |p ric  |a Texas A&M University  |b Rellis Campus  |c Joint Library Facility  |d Remote Storage  |t 0  |h Other scheme  |i unmediated -- volume  |k v.122 & suppl.  |l 1996:Apr./June  |m 3238901552465 
952 f f |p ric  |a Texas A&M University  |b Rellis Campus  |c Joint Library Facility  |d Remote Storage  |t 0  |h Other scheme  |i unmediated -- volume  |k v.118  |l 1992:July  |m 3238901344532 
952 f f |p ric  |a Texas A&M University  |b Rellis Campus  |c Joint Library Facility  |d Remote Storage  |t 0  |h Other scheme  |i unmediated -- volume  |k v.95  |l 1969:Sept./Oct.  |m 3238900417442 
952 f f |p ric  |a Texas A&M University  |b Rellis Campus  |c Joint Library Facility  |d Remote Storage  |t 0  |h Other scheme  |i unmediated -- volume  |k v.98:nos.18/24,26  |l 1972  |m 323890272977G 
952 f f |p ric  |a Texas A&M University  |b Rellis Campus  |c Joint Library Facility  |d Remote Storage  |t 0  |h Other scheme  |i unmediated -- volume  |k v.138  |l 2012:Sept./Oct.  |m 3238902184827 
952 f f |p ric  |a Texas A&M University  |b Rellis Campus  |c Joint Library Facility  |d Remote Storage  |t 0  |h Other scheme  |i unmediated -- volume  |k v.110  |l 1984:June  |m 3238900418375 
952 f f |p ric  |a Texas A&M University  |b Rellis Campus  |c Joint Library Facility  |d Remote Storage  |t 0  |h Other scheme  |i unmediated -- volume  |k v.65  |l 1953:Jan./Mar.  |m 3238902728225 
952 f f |p ric  |a Texas A&M University  |b Rellis Campus  |c Joint Library Facility  |d Remote Storage  |t 0  |h Other scheme  |i unmediated -- volume  |k v.114 & suppl.  |l 1988:Sept.  |m 3238900838225 
952 f f |p ric  |a Texas A&M University  |b Rellis Campus  |c Joint Library Facility  |d Remote Storage  |t 0  |h Other scheme  |i unmediated -- volume  |k v.110  |l 1984:Feb.  |m 3238900418768 
952 f f |p ric  |a Texas A&M University  |b Rellis Campus  |c Joint Library Facility  |d Remote Storage  |t 0  |h Other scheme  |i unmediated -- volume  |k v.145  |l 2019:May/June  |m 3238902670142 
952 f f |p ric  |a Texas A&M University  |b Rellis Campus  |c Joint Library Facility  |d Remote Storage  |t 0  |h Other scheme  |i unmediated -- volume  |k v.120 & suppl.  |l 1994:Jan./Mar.  |m 3238901576023 
952 f f |p ric  |a Texas A&M University  |b Rellis Campus  |c Joint Library Facility  |d Remote Storage  |t 0  |h Other scheme  |i unmediated -- volume  |k v.135:no.52/v.136:nos.1/9  |l 2010  |m 3238902193625 
952 f f |p ric  |a Texas A&M University  |b Rellis Campus  |c Joint Library Facility  |d Remote Storage  |t 0  |h Other scheme  |i unmediated -- volume  |k v.115 & suppl.  |l 1989:Oct.  |m 3238900866057 
952 f f |p ric  |a Texas A&M University  |b Rellis Campus  |c Joint Library Facility  |d Remote Storage  |t 0  |h Other scheme  |i unmediated -- volume  |k v.122 & suppl.  |l 1996:July/Aug.  |m 323890149938G 
952 f f |p ric  |a Texas A&M University  |b Rellis Campus  |c Joint Library Facility  |d Remote Storage  |t 0  |h Other scheme  |i unmediated -- volume  |k v.147:nos.1/8  |l 2021  |m 323890268287F 
952 f f |p ric  |a Texas A&M University  |b Rellis Campus  |c Joint Library Facility  |d Remote Storage  |t 0  |h Other scheme  |i unmediated -- volume  |k v.112 & suppl.  |l 1986:July  |m 3238900764313 
952 f f |p ric  |a Texas A&M University  |b Rellis Campus  |c Joint Library Facility  |d Remote Storage  |t 0  |h Other scheme  |i unmediated -- volume  |k v.52  |l 1948:Apr./June  |m 3238900416979 
952 f f |p ric  |a Texas A&M University  |b Rellis Campus  |c Joint Library Facility  |d Remote Storage  |t 0  |h Other scheme  |i unmediated -- volume  |k v.102  |l 1976:Nov./Dec.  |m 323890041789B 
952 f f |p ric  |a Texas A&M University  |b Rellis Campus  |c Joint Library Facility  |d Remote Storage  |t 0  |h Other scheme  |i unmediated -- volume  |k v.111  |l 1985:May  |m 3238900418454 
952 f f |p ric  |a Texas A&M University  |b Rellis Campus  |c Joint Library Facility  |d Remote Storage  |t 0  |h Other scheme  |i unmediated -- volume  |k v.123 & suppl.  |l 1997:Sept./Oct.  |m 3238901448829 
952 f f |p ric  |a Texas A&M University  |b Rellis Campus  |c Joint Library Facility  |d Remote Storage  |t 0  |h Other scheme  |i unmediated -- volume  |k v.121 & suppl.  |l 1995:Oct./Dec.  |m 3238901510481 
952 f f |p ric  |a Texas A&M University  |b Rellis Campus  |c Joint Library Facility  |d Remote Storage  |t 0  |h Other scheme  |i unmediated -- volume  |k v.113  |l 1987:Jan.  |m 323890077843B 
952 f f |p ric  |a Texas A&M University  |b Rellis Campus  |c Joint Library Facility  |d Remote Storage  |t 0  |h Other scheme  |i unmediated -- volume  |k v.40  |l 1943:July/Dec.  |m 3238900416878 
952 f f |p ric  |a Texas A&M University  |b Rellis Campus  |c Joint Library Facility  |d Remote Storage  |t 0  |h Other scheme  |i unmediated -- volume  |k v.135 & suppl.  |l 2009:Jan./Feb.  |m 323890199563F 
952 f f |p ric  |a Texas A&M University  |b Rellis Campus  |c Joint Library Facility  |d Remote Storage  |t 0  |h Other scheme  |i unmediated -- volume  |k v.36  |l 1941:July/Dec.  |m 3238900416823 
952 f f |p ric  |a Texas A&M University  |b Rellis Campus  |c Joint Library Facility  |d Remote Storage  |t 0  |h Other scheme  |i unmediated -- volume  |k v.111  |l 1985:June  |m 3238900418465 
952 f f |p ric  |a Texas A&M University  |b Rellis Campus  |c Joint Library Facility  |d Remote Storage  |t 0  |h Other scheme  |i unmediated -- volume  |k v.144  |l 2018:May/June  |m 3238902376077 
952 f f |p ric  |a Texas A&M University  |b Rellis Campus  |c Joint Library Facility  |d Remote Storage  |t 0  |h Other scheme  |i unmediated -- volume  |k v.118  |l 1992:Mar.  |m 3238901290363 
952 f f |p ric  |a Texas A&M University  |b Rellis Campus  |c Joint Library Facility  |d Remote Storage  |t 0  |h Other scheme  |i unmediated -- volume  |k v.47  |l 1947:Jan./Mar.  |m 3238900416924 
952 f f |p ric  |a Texas A&M University  |b Rellis Campus  |c Joint Library Facility  |d Remote Storage  |t 0  |h Other scheme  |i unmediated -- volume  |k v.136  |l 2010:May/June  |m 3238902195267 
952 f f |p ric  |a Texas A&M University  |b Rellis Campus  |c Joint Library Facility  |d Remote Storage  |t 0  |h Other scheme  |i unmediated -- volume  |k v.103  |l 1977:May/June  |m 3238900417925 
952 f f |p ric  |a Texas A&M University  |b Rellis Campus  |c Joint Library Facility  |d Remote Storage  |t 0  |h Other scheme  |i unmediated -- volume  |k v.146  |l 2020:Nov./Dec.  |m 323890267485E 
952 f f |p ric  |a Texas A&M University  |b Rellis Campus  |c Joint Library Facility  |d Remote Storage  |t 0  |h Other scheme  |i unmediated -- volume  |k v.129 & suppls. msg.no.43  |l 2003:Sept./Oct.  |m 3238901827437 
952 f f |p ric  |a Texas A&M University  |b Rellis Campus  |c Joint Library Facility  |d Remote Storage  |t 0  |h Other scheme  |i unmediated -- volume  |k v.127 & suppls.  |l 2001:Sept./Oct.  |m 3238901769128 
952 f f |p ric  |a Texas A&M University  |b Rellis Campus  |c Joint Library Facility  |d Remote Storage  |t 0  |h Other scheme  |i unmediated -- volume  |k v.117  |l 1991:June  |m 323890099748J 
952 f f |p ric  |a Texas A&M University  |b Rellis Campus  |c Joint Library Facility  |d Remote Storage  |t 0  |h Other scheme  |i unmediated -- volume  |k v.126 & suppl.  |l 2000:May/June  |m 3238901634488 
952 f f |p ric  |a Texas A&M University  |b Rellis Campus  |c Joint Library Facility  |d Remote Storage  |t 0  |h Other scheme  |i unmediated -- volume  |k v.146  |l 2020:July/Aug.  |m 323890267392B 
952 f f |p ric  |a Texas A&M University  |b Rellis Campus  |c Joint Library Facility  |d Remote Storage  |t 0  |h Other scheme  |i unmediated -- volume  |k v.123 & suppl.  |l 1997:July/Aug.  |m 3238901444375 
952 f f |p ric  |a Texas A&M University  |b Rellis Campus  |c Joint Library Facility  |d Remote Storage  |t 0  |h Other scheme  |i unmediated -- volume  |k v.105  |l 1979:Mar./Apr.  |m 3238901970043 
952 f f |p ric  |a Texas A&M University  |b Rellis Campus  |c Joint Library Facility  |d Remote Storage  |t 0  |h Other scheme  |i unmediated -- volume  |k v.98:nos.10/12,14/17  |l 1972  |m 323890272976F 
952 f f |p ric  |a Texas A&M University  |b Rellis Campus  |c Joint Library Facility  |d Remote Storage  |t 0  |h Other scheme  |i unmediated -- volume  |k v.65 & index  |l 1953:Apr./June  |m 3238902728236 
952 f f |p ric  |a Texas A&M University  |b Rellis Campus  |c Joint Library Facility  |d Remote Storage  |t 0  |h Other scheme  |i unmediated -- volume  |k v.132 & suppl.  |l 2006:May/June  |m 323890196377F 
952 f f |p ric  |a Texas A&M University  |b Rellis Campus  |c Joint Library Facility  |d Remote Storage  |t 0  |h Other scheme  |i unmediated -- volume  |k v.117 & suppl.  |l 1991:Oct.  |m 3238901009754 
952 f f |p ric  |a Texas A&M University  |b Rellis Campus  |c Joint Library Facility  |d Remote Storage  |t 0  |h Other scheme  |i unmediated -- volume  |k v.45  |l 1946:Jan./June  |m 323890041689A 
952 f f |p ric  |a Texas A&M University  |b Rellis Campus  |c Joint Library Facility  |d Remote Storage  |t 0  |h Other scheme  |i unmediated -- volume  |k v.120:nos.27/32, 34/39  |l 1994  |m 3238901569317 
952 f f |p ric  |a Texas A&M University  |b Rellis Campus  |c Joint Library Facility  |d Remote Storage  |t 0  |h Other scheme  |i unmediated -- volume  |k v.121 & suppl.  |l 1995:July/Sept.  |m 323890148963D 
952 f f |p ric  |a Texas A&M University  |b Rellis Campus  |c Joint Library Facility  |d Remote Storage  |t 0  |h Other scheme  |i unmediated -- volume  |k v.106:nos.18,20/26  |l 1980  |m 323890272990B 
952 f f |p ric  |a Texas A&M University  |b Rellis Campus  |c Joint Library Facility  |d Remote Storage  |t 0  |h Other scheme  |i unmediated -- volume  |k v.112  |l 1986:June  |m 3238900763413 
952 f f |p ric  |a Texas A&M University  |b Rellis Campus  |c Joint Library Facility  |d Remote Storage  |t 0  |h Other scheme  |i unmediated -- volume  |k v.96  |l 1970:July/Aug.  |m 323890272969H 
952 f f |p ric  |a Texas A&M University  |b Rellis Campus  |c Joint Library Facility  |d Remote Storage  |t 0  |h Other scheme  |i unmediated -- volume  |k v.110:suppl.  |l 1984:Jan  |m 3238900362654 
952 f f |p ric  |a Texas A&M University  |b Rellis Campus  |c Joint Library Facility  |d Remote Storage  |t 0  |h Other scheme  |i unmediated -- volume  |k v.137:nos.31/34 & suppl.  |l 2011:Aug.  |m 323890267861C 
952 f f |p ric  |a Texas A&M University  |b Rellis Campus  |c Joint Library Facility  |d Remote Storage  |t 0  |h Other scheme  |i unmediated -- volume  |k v.116  |l 1990:May  |m 3238900924568 
952 f f |p ric  |a Texas A&M University  |b Rellis Campus  |c Joint Library Facility  |d Remote Storage  |t 0  |h Other scheme  |i unmediated -- volume  |k v.106  |l 1980:Jan./Feb.  |m 3238900418083 
952 f f |p ric  |a Texas A&M University  |b Rellis Campus  |c Joint Library Facility  |d Remote Storage  |t 0  |h Other scheme  |i unmediated -- volume  |k v.146:nos.18/25  |l 2020  |m 323890267449E 
952 f f |p ric  |a Texas A&M University  |b Rellis Campus  |c Joint Library Facility  |d Remote Storage  |t 0  |h Other scheme  |i unmediated -- volume  |k v.146 & suppl.  |l 2020:Jan./Feb.  |m 3238902671187 
952 f f |p ric  |a Texas A&M University  |b Rellis Campus  |c Joint Library Facility  |d Remote Storage  |t 0  |h Other scheme  |i unmediated -- volume  |k v.132 & suppl.  |l 2005:Jan./Feb.  |m 3238901482074 
952 f f |p ric  |a Texas A&M University  |b Rellis Campus  |c Joint Library Facility  |d Remote Storage  |t 0  |h Other scheme  |i unmediated -- volume  |k v.126 & suppl.  |l 2000:Mar./Apr.  |m 3238901631340 
952 f f |p ric  |a Texas A&M University  |b Rellis Campus  |c Joint Library Facility  |d Remote Storage  |t 0  |h Other scheme  |i unmediated -- volume  |k v.81  |l 1961:Jan./Mar.  |m 3238902728269 
952 f f |p ric  |a Texas A&M University  |b Rellis Campus  |c Joint Library Facility  |d Remote Storage  |t 0  |h Other scheme  |i unmediated -- volume  |k v.119  |l 1993:July/Sept.  |m 323890151899F 
952 f f |p ric  |a Texas A&M University  |b Rellis Campus  |c Joint Library Facility  |d Remote Storage  |t 0  |h Other scheme  |i unmediated -- volume  |k v.103  |l 1977:July/Aug.  |m 3238900417936 
952 f f |p ric  |a Texas A&M University  |b Rellis Campus  |c Joint Library Facility  |d Remote Storage  |t 0  |h Other scheme  |i unmediated -- volume  |k v.127 & suppl.  |l 2001:Mar./Apr.  |m 3238901764369 
952 f f |p ric  |a Texas A&M University  |b Rellis Campus  |c Joint Library Facility  |d Remote Storage  |t 0  |h Other scheme  |i unmediated -- volume  |k v.116 & suppl.  |l 1990:July  |m 3238900927325 
952 f f |p ric  |a Texas A&M University  |b Rellis Campus  |c Joint Library Facility  |d Remote Storage  |t 0  |h Other scheme  |i unmediated -- volume  |k v.99:nos.14/24,26  |l 1973  |m 323890272982C 
952 f f |p ric  |a Texas A&M University  |b Rellis Campus  |c Joint Library Facility  |d Remote Storage  |t 0  |h Other scheme  |i unmediated -- volume  |k v.105  |l 1979:July/Aug.  |m 3238900418050 
952 f f |p ric  |a Texas A&M University  |b Rellis Campus  |c Joint Library Facility  |d Remote Storage  |t 0  |h Other scheme  |i unmediated -- volume  |k v.108 & suppl.  |l 1982:July  |m 3238900418342 
952 f f |p ric  |a Texas A&M University  |b Rellis Campus  |c Joint Library Facility  |d Remote Storage  |t 0  |h Other scheme  |i unmediated -- volume  |k v.116  |l 1990:Nov.  |m 3238900934042 
952 f f |p ric  |a Texas A&M University  |b Rellis Campus  |c Joint Library Facility  |d Remote Storage  |t 0  |h Other scheme  |i unmediated -- volume  |k v.23  |l 1935:Jan./June  |m 3238900416722 
952 f f |p ric  |a Texas A&M University  |b Rellis Campus  |c Joint Library Facility  |d Remote Storage  |t 0  |h Other scheme  |i unmediated -- volume  |k v.113  |l 1987:Apr.  |m 323890078536B 
952 f f |p ric  |a Texas A&M University  |b Rellis Campus  |c Joint Library Facility  |d Remote Storage  |t 0  |h Other scheme  |i unmediated -- volume  |k v.93:nos.45,50-51  |l 1967  |m 323890272963B 
952 f f |p ric  |a Texas A&M University  |b Rellis Campus  |c Joint Library Facility  |d Remote Storage  |t 0  |h Other scheme  |i unmediated -- volume  |k v.112  |l 1986:Mar.  |m 3238900356286 
952 f f |p ric  |a Texas A&M University  |b Rellis Campus  |c Joint Library Facility  |d Remote Storage  |t 0  |h Other scheme  |i unmediated -- volume  |k v.111  |l 1985:July  |m 3238900418476 
952 f f |p ric  |a Texas A&M University  |b Rellis Campus  |c Joint Library Facility  |d Remote Storage  |t 0  |h Other scheme  |i unmediated -- volume  |k v.109 & suppl.  |l 1983:Jan.  |m 3238900418656 
952 f f |p ric  |a Texas A&M University  |b Rellis Campus  |c Joint Library Facility  |d Remote Storage  |t 0  |h Other scheme  |i unmediated -- volume  |k v.104  |l 1978:July/Aug.  |m 323890041799C 
952 f f |p ric  |a Texas A&M University  |b Rellis Campus  |c Joint Library Facility  |d Remote Storage  |t 0  |h Other scheme  |i unmediated -- volume  |k v.124 & suppl.  |l 1998:Jan./Feb.  |m 3238901435768 
952 f f |p ric  |a Texas A&M University  |b Rellis Campus  |c Joint Library Facility  |d Remote Storage  |t 0  |h Other scheme  |i unmediated -- volume  |k v.106:nos.45/48  |l 1980:Nov.  |m 3238900418151 
952 f f |p ric  |a Texas A&M University  |b Rellis Campus  |c Joint Library Facility  |d Remote Storage  |t 0  |h Other scheme  |i unmediated -- volume  |k v.108  |l 1982:Oct.  |m 3238900418623 
952 f f |p ric  |a Texas A&M University  |b Rellis Campus  |c Joint Library Facility  |d Remote Storage  |t 0  |h Other scheme  |i unmediated -- volume  |k v.134  |l 2008:May/June  |m 323890198698N 
952 f f |p ric  |a Texas A&M University  |b Rellis Campus  |c Joint Library Facility  |d Remote Storage  |t 0  |h Other scheme  |i unmediated -- volume  |k v.110  |l 1984:May  |m 3238900418364 
952 f f |p ric  |a Texas A&M University  |b Rellis Campus  |c Joint Library Facility  |d Remote Storage  |t 0  |h Other scheme  |i unmediated -- volume  |k v.132  |l 2006:July/Aug.  |m 323890196595H 
952 f f |p ric  |a Texas A&M University  |b Rellis Campus  |c Joint Library Facility  |d Remote Storage  |t 0  |h Other scheme  |i unmediated -- volume  |k v.124 & suppl.  |l 1998:May/June  |m 3238901421730 
952 f f |p ric  |a Texas A&M University  |b Rellis Campus  |c Joint Library Facility  |d Remote Storage  |t 0  |h Other scheme  |i unmediated -- volume  |k v.144 & suppl.  |l 2018:Sept./Oct.  |m 3238902367505 
952 f f |p ric  |a Texas A&M University  |b Rellis Campus  |c Joint Library Facility  |d Remote Storage  |t 0  |h Other scheme  |i unmediated -- volume  |k v.140  |l 2014:May/June  |m 3238902343633 
952 f f |p ric  |a Texas A&M University  |b Rellis Campus  |c Joint Library Facility  |d Remote Storage  |t 0  |h Other scheme  |i unmediated -- volume  |k v.131 & suppl.  |l 2005:Jan./Feb.  |m 323890184558D 
952 f f |p ric  |a Texas A&M University  |b Rellis Campus  |c Joint Library Facility  |d Remote Storage  |t 0  |h Other scheme  |i unmediated -- volume  |k v.108  |l 1982:Feb.  |m 3238900418296 
952 f f |p ric  |a Texas A&M University  |b Rellis Campus  |c Joint Library Facility  |d Remote Storage  |t 0  |h Other scheme  |i unmediated -- volume  |k v.38  |l 1942:July/Dec.  |m 3238900416845 
952 f f |p ric  |a Texas A&M University  |b Rellis Campus  |c Joint Library Facility  |d Remote Storage  |t 0  |h Other scheme  |i unmediated -- volume  |k v.138 & suppl.  |l 2012:Jan./Feb.  |m 3238902175377 
952 f f |p ric  |a Texas A&M University  |b Rellis Campus  |c Joint Library Facility  |d Remote Storage  |t 0  |h Other scheme  |i unmediated -- volume  |k v.133  |l 2007:Mar./Apr.  |m 323890197782G 
952 f f |p ric  |a Texas A&M University  |b Rellis Campus  |c Joint Library Facility  |d Remote Storage  |t 0  |h Other scheme  |i unmediated -- volume  |k v.129 & suppl.  |l 2003:Mar./Apr.  |m 3238901818516 
952 f f |p ric  |a Texas A&M University  |b Rellis Campus  |c Joint Library Facility  |d Remote Storage  |t 0  |h Other scheme  |i unmediated -- volume  |k v.107 & suppl.  |l 1981:Mar.  |m 3238900418184 
952 f f |p ric  |a Texas A&M University  |b Rellis Campus  |c Joint Library Facility  |d Remote Storage  |t 0  |h Other scheme  |i unmediated -- volume  |k v.117  |l 1991:Apr.  |m 3238900952749 
952 f f |p ric  |a Texas A&M University  |b Rellis Campus  |c Joint Library Facility  |d Remote Storage  |t 0  |h Other scheme  |i unmediated -- volume  |k v.18  |l 1932:July/Dec.  |m 3238900416676 
952 f f |p ric  |a Texas A&M University  |b Rellis Campus  |c Joint Library Facility  |d Remote Storage  |t 0  |h Other scheme  |i unmediated -- volume  |k v.20  |l 1933:July/Dec.  |m 3238900416698 
952 f f |p ric  |a Texas A&M University  |b Rellis Campus  |c Joint Library Facility  |d Remote Storage  |t 0  |h Other scheme  |i unmediated -- volume  |k v.116  |l 1990:Sept.  |m 3238900963516 
952 f f |p ric  |a Texas A&M University  |b Rellis Campus  |c Joint Library Facility  |d Remote Storage  |t 0  |h Other scheme  |i unmediated -- volume  |k v.92  |l 1966:Oct./Dec.  |m 3238900417330 
952 f f |p ric  |a Texas A&M University  |b Rellis Campus  |c Joint Library Facility  |d Remote Storage  |t 0  |h Other scheme  |i unmediated -- volume  |k v.103  |l 1977:Sept./Oct.  |m 3238900417947 
952 f f |p ric  |a Texas A&M University  |b Rellis Campus  |c Joint Library Facility  |d Remote Storage  |t 0  |h Other scheme  |i unmediated -- volume  |k v.140 & suppl.  |l 2014:Nov./Dec.  |m 323890234883A 
952 f f |p ric  |a Texas A&M University  |b Rellis Campus  |c Joint Library Facility  |d Remote Storage  |t 0  |h Other scheme  |i unmediated -- volume  |k v.112  |l 1986:May  |m 3238900362665 
952 f f |p ric  |a Texas A&M University  |b Rellis Campus  |c Joint Library Facility  |d Remote Storage  |t 0  |h Other scheme  |i unmediated -- volume  |k v.124  |l 1998:Nov./Dec.  |m 3238901592234 
952 f f |p ric  |a Texas A&M University  |b Rellis Campus  |c Joint Library Facility  |d Remote Storage  |t 0  |h Other scheme  |i unmediated -- volume  |k v.96  |l 1970:Nov./Dec.  |m 3238900417521 
952 f f |p ric  |a Texas A&M University  |b Rellis Campus  |c Joint Library Facility  |d Remote Storage  |t 0  |h Other scheme  |i unmediated -- volume  |k v.123  |l 1997:Jan./Feb.  |m 323890175951A 
952 f f |p ric  |a Texas A&M University  |b Rellis Campus  |c Joint Library Facility  |d Remote Storage  |t 0  |h Other scheme  |i unmediated -- volume  |k v.128 & suppls.  |l 2002:July/Aug.  |m 323890178658H 
952 f f |p ric  |a Texas A&M University  |b Rellis Campus  |c Joint Library Facility  |d Remote Storage  |t 0  |h Other scheme  |i unmediated -- volume  |k v.126 & suppl.  |l 2000:July/Aug.  |m 323890163918A 
952 f f |p ric  |a Texas A&M University  |b Rellis Campus  |c Joint Library Facility  |d Remote Storage  |t 0  |h Other scheme  |i unmediated -- volume  |k v.114  |l 1988:Mar.  |m 323890082784B 
952 f f |p ric  |a Texas A&M University  |b Rellis Campus  |c Joint Library Facility  |d Remote Storage  |t 0  |h Other scheme  |i unmediated -- volume  |k v.134  |l 2008:Nov./Dec.  |m 323890199455F 
952 f f |p ric  |a Texas A&M University  |b Rellis Campus  |c Joint Library Facility  |d Remote Storage  |t 0  |h Other scheme  |i unmediated -- volume  |k v.131:suppls.  |l 2005  |m 3238901479508 
952 f f |p ric  |a Texas A&M University  |b Rellis Campus  |c Joint Library Facility  |d Remote Storage  |t 0  |h Other scheme  |i unmediated -- volume  |k v.110  |l 1984:Apr.  |m 3238900418353 
952 f f |p ric  |a Texas A&M University  |b Rellis Campus  |c Joint Library Facility  |d Remote Storage  |t 0  |h Other scheme  |i unmediated -- volume  |k v.107:nos.14,16,17  |l 1981:Apr.  |m 3238900418195 
952 f f |p ric  |a Texas A&M University  |b Rellis Campus  |c Joint Library Facility  |d Remote Storage  |t 0  |h Other scheme  |i unmediated -- volume  |k v.131  |l 2005:May/June  |m 323890179974J 
952 f f |p ric  |a Texas A&M University  |b Rellis Campus  |c Joint Library Facility  |d Remote Storage  |t 0  |h Other scheme  |i unmediated -- volume  |k v.119 & suppls.  |l 1993:Jan./Mar.  |m 323890139478E 
952 f f |p ric  |a Texas A&M University  |b Rellis Campus  |c Joint Library Facility  |d Remote Storage  |t 0  |h Other scheme  |i unmediated -- volume  |k v.128:nos.36/42 & suppls.  |l 2002:Sept./Oct.  |m 323890133598B 
952 f f |p ric  |a Texas A&M University  |b Rellis Campus  |c Joint Library Facility  |d Remote Storage  |t 0  |h Other scheme  |i unmediated -- volume  |k v.94:nos.36/43  |l 1968:Sept./Oct.  |m 3238900417396 
952 f f |p ric  |a Texas A&M University  |b Rellis Campus  |c Joint Library Facility  |d Remote Storage  |t 0  |h Other scheme  |i unmediated -- volume  |k v.107  |l 1981:Dec.  |m 3238900418274 
952 f f |p ric  |a Texas A&M University  |b Rellis Campus  |c Joint Library Facility  |d Remote Storage  |t 0  |h Other scheme  |i unmediated -- volume  |k v.99  |l 1973:Nov./Dec.  |m 3238900417701 
952 f f |p ric  |a Texas A&M University  |b Rellis Campus  |c Joint Library Facility  |d Remote Storage  |t 0  |h Other scheme  |i unmediated -- volume  |k v.90 & index  |l 1965:Oct./Dec.  |m 323890272959G 
952 f f |p ric  |a Texas A&M University  |b Rellis Campus  |c Joint Library Facility  |d Remote Storage  |t 0  |h Other scheme  |i unmediated -- volume  |k v.94:nos.9/17  |l 1968:Mar./Apr.  |m 3238900417363 
952 f f |p ric  |a Texas A&M University  |b Rellis Campus  |c Joint Library Facility  |d Remote Storage  |t 0  |h Other scheme  |i unmediated -- volume  |k v.112  |l 1986:Feb.  |m 3238900353597 
952 f f |p ric  |a Texas A&M University  |b Rellis Campus  |c Joint Library Facility  |d Remote Storage  |t 0  |h Other scheme  |i unmediated -- volume  |k v.141 & suppls.  |l 2015:Jan./Feb.  |m 323890234984C 
952 f f |p ric  |a Texas A&M University  |b Rellis Campus  |c Joint Library Facility  |d Remote Storage  |t 0  |h Other scheme  |i unmediated -- volume  |k v.115  |l 1989:May  |m 323890087862D 
952 f f |p ric  |a Texas A&M University  |b Rellis Campus  |c Joint Library Facility  |d Remote Storage  |t 0  |h Other scheme  |i unmediated -- volume  |k v.110 & suppl.  |l 1984:Jan.  |m 3238900418757 
952 f f |p ric  |a Texas A&M University  |b Rellis Campus  |c Joint Library Facility  |d Remote Storage  |t 0  |h Other scheme  |i unmediated -- volume  |k v.31  |l 1939:Jan./July 1  |m 3238900416788 
952 f f |p ric  |a Texas A&M University  |b Rellis Campus  |c Joint Library Facility  |d Remote Storage  |t 0  |h Other scheme  |i unmediated -- volume  |k v.101:nos.13,15/17  |l 1975:Mar./Apr.  |m 323890041779A 
952 f f |p ric  |a Texas A&M University  |b Rellis Campus  |c Joint Library Facility  |d Remote Storage  |t 0  |h Other scheme  |i unmediated -- volume  |k v.138:nos.32/35  |l 2012:Aug.  |m 323890267857H 
952 f f |p ric  |a Texas A&M University  |b Rellis Campus  |c Joint Library Facility  |d Remote Storage  |t 0  |h Other scheme  |i unmediated -- volume  |k v.130  |l 2004:Jan./Feb.  |m 323890182991C 
952 f f |p ric  |a Texas A&M University  |b Rellis Campus  |c Joint Library Facility  |d Remote Storage  |t 0  |h Other scheme  |i unmediated -- volume  |k v.53  |l 1948:July/Sept.  |m 323890041698A 
952 f f |p ric  |a Texas A&M University  |b Rellis Campus  |c Joint Library Facility  |d Remote Storage  |t 0  |h Other scheme  |i unmediated -- volume  |k v.43  |l 1945:Jan./June  |m 3238900416867 
952 f f |p ric  |a Texas A&M University  |b Rellis Campus  |c Joint Library Facility  |d Remote Storage  |t 0  |h Other scheme  |i unmediated -- volume  |k v.112  |l 1986:Dec.  |m 3238900773188 
952 f f |p ric  |a Texas A&M University  |b Rellis Campus  |c Joint Library Facility  |d Remote Storage  |t 0  |h Other scheme  |i unmediated -- volume  |k v.122  |l 1996:Mar.  |m 3238901448447 
952 f f |p ric  |a Texas A&M University  |b Rellis Campus  |c Joint Library Facility  |d Remote Storage  |t 0  |h Other scheme  |i unmediated -- volume  |k v.109  |l 1983:June  |m 323890041869A 
952 f f |p ric  |a Texas A&M University  |b Rellis Campus  |c Joint Library Facility  |d Remote Storage  |t 0  |h Other scheme  |i unmediated -- volume  |k v.118  |l 1992:Dec.  |m 3238901389609 
952 f f |p ric  |a Texas A&M University  |b Rellis Campus  |c Joint Library Facility  |d Remote Storage  |t 0  |h Other scheme  |i unmediated -- volume  |k v.39  |l 1943:Jan./June  |m 3238900416856 
952 f f |p ric  |a Texas A&M University  |b Rellis Campus  |c Joint Library Facility  |d Remote Storage  |t 0  |h Other scheme  |i unmediated -- volume  |k v.125 & suppl.  |l 1999:Sept./Oct.  |m 3238901617647 
952 f f |p ric  |a Texas A&M University  |b Rellis Campus  |c Joint Library Facility  |d Remote Storage  |t 0  |h Other scheme  |i unmediated -- volume  |k v.100:nos.9,11/15  |l 1974  |m 3238900417723 
952 f f |p ric  |a Texas A&M University  |b Rellis Campus  |c Joint Library Facility  |d Remote Storage  |t 0  |h Other scheme  |i unmediated -- volume  |k v.138  |l 2012:May/June  |m 3238902179539 
952 f f |p ric  |a Texas A&M University  |b Rellis Campus  |c Joint Library Facility  |d Remote Storage  |t 0  |h Other scheme  |i unmediated -- volume  |k v.132 & suppls.  |l 2006:Nov.  |m 323890197137A 
952 f f |p ric  |a Texas A&M University  |b Rellis Campus  |c Joint Library Facility  |d Remote Storage  |t 0  |h Other scheme  |i unmediated -- volume  |k v.110  |l 1984:Dec.  |m 3238900418803 
952 f f |p ric  |a Texas A&M University  |b Rellis Campus  |c Joint Library Facility  |d Remote Storage  |t 0  |h Other scheme  |i unmediated -- volume  |k v.113  |l 1987:Oct.  |m 3238902730093 
952 f f |p ric  |a Texas A&M University  |b Rellis Campus  |c Joint Library Facility  |d Remote Storage  |t 0  |h Other scheme  |i unmediated -- volume  |k v.143 & suppl.  |l 2017:May/June  |m 3238902367101 
952 f f |p ric  |a Texas A&M University  |b Rellis Campus  |c Joint Library Facility  |d Remote Storage  |t 0  |h Other scheme  |i unmediated -- volume  |k v.149 & suppls.  |l 2023:Jan./June   |m 3238902703857 
952 f f |p ric  |a Texas A&M University  |b Rellis Campus  |c Joint Library Facility  |d Remote Storage  |t 0  |h Other scheme  |i unmediated -- volume  |k v.140 & suppl.  |l 2014:Sept./Oct.  |m 3238902346311 
952 f f |p ric  |a Texas A&M University  |b Rellis Campus  |c Joint Library Facility  |d Remote Storage  |t 0  |h Other scheme  |i unmediated -- volume  |k v.46  |l 1946:July/Dec.  |m 3238900416913 
952 f f |p ric  |a Texas A&M University  |b Rellis Campus  |c Joint Library Facility  |d Remote Storage  |t 0  |h Other scheme  |i unmediated -- volume  |k v.117  |l 1991:Nov.  |m 3238901016796 
952 f f |p ric  |a Texas A&M University  |b Rellis Campus  |c Joint Library Facility  |d Remote Storage  |t 0  |h Other scheme  |i unmediated -- volume  |k v.116  |l 1990:Jan.  |m 3238900872425 
952 f f |p ric  |a Texas A&M University  |b Rellis Campus  |c Joint Library Facility  |d Remote Storage  |t 0  |h Other scheme  |i unmediated -- volume  |k v.119 & suppl.  |l 1993:Apr./June  |m 3238901401985 
952 f f |p ric  |a Texas A&M University  |b Rellis Campus  |c Joint Library Facility  |d Remote Storage  |t 0  |h Other scheme  |i unmediated -- volume  |k v.118 & suppl.  |l 1992:Nov.  |m 323890138961A 
952 f f |p ric  |a Texas A&M University  |b Rellis Campus  |c Joint Library Facility  |d Remote Storage  |t 0  |h Other scheme  |i unmediated -- volume  |k v.109  |l 1983:Mar.  |m 3238900418667 
952 f f |p ric  |a Texas A&M University  |b Rellis Campus  |c Joint Library Facility  |d Remote Storage  |t 0  |h Other scheme  |i unmediated -- volume  |k v.118  |l 1992:Oct.  |m 3238901351754 
952 f f |p ric  |a Texas A&M University  |b Rellis Campus  |c Joint Library Facility  |d Remote Storage  |t 0  |h Other scheme  |i unmediated -- volume  |k v.112  |l 1986:Sept.  |m 323890076788I 
952 f f |p ric  |a Texas A&M University  |b Rellis Campus  |c Joint Library Facility  |d Remote Storage  |t 0  |h Other scheme  |i unmediated -- volume  |k v.99:nos.1,2/3,5/6,8/13  |l 1973  |m 323890272981B 
952 f f |p ric  |a Texas A&M University  |b Rellis Campus  |c Joint Library Facility  |d Remote Storage  |t 0  |h Other scheme  |i unmediated -- volume  |k v.110:suppl.  |l 1984:July  |m 3238902730060 
952 f f |p ric  |a Texas A&M University  |b Rellis Campus  |c Joint Library Facility  |d Remote Storage  |t 0  |h Other scheme  |i unmediated -- volume  |k v.142 & suppl.  |l 2016:Sept./Oct.  |m 3238902361251 
952 f f |p ric  |a Texas A&M University  |b Rellis Campus  |c Joint Library Facility  |d Remote Storage  |t 0  |h Other scheme  |i unmediated -- volume  |k v.129 & suppl.  |l 2003:July/Aug.  |m 3238901822645 
952 f f |p ric  |a Texas A&M University  |b Rellis Campus  |c Joint Library Facility  |d Remote Storage  |t 0  |h Other scheme  |i unmediated -- volume  |k v.116  |l 1990:Dec.  |m 3238900937157 
952 f f |p ric  |a Texas A&M University  |b Rellis Campus  |c Joint Library Facility  |d Remote Storage  |t 0  |h Other scheme  |i unmediated -- volume  |k v.97  |l 1971:July/Aug.  |m 3238900417565 
952 f f |p ric  |a Texas A&M University  |b Rellis Campus  |c Joint Library Facility  |d Remote Storage  |t 0  |h Other scheme  |i unmediated -- volume  |k v.133  |l 2007:Nov./Dec.  |m 323890198275E 
952 f f |p ric  |a Texas A&M University  |b Rellis Campus  |c Joint Library Facility  |d Remote Storage  |t 0  |h Other scheme  |i unmediated -- volume  |k v.94:nos.1/4,6/8  |l 1968  |m 323890272962A 
952 f f |p ric  |a Texas A&M University  |b Rellis Campus  |c Joint Library Facility  |d Remote Storage  |t 0  |h Other scheme  |i unmediated -- volume  |k v.138:nos.27/30  |l 2012:July  |m 323890267858I 
952 f f |p ric  |a Texas A&M University  |b Rellis Campus  |c Joint Library Facility  |d Remote Storage  |t 0  |h Other scheme  |i unmediated -- volume  |k v.99  |l 1973:July/Aug.  |m 323890272983D 
952 f f |p ric  |a Texas A&M University  |b Rellis Campus  |c Joint Library Facility  |d Remote Storage  |t 0  |h Other scheme  |i unmediated -- volume  |k v.144 & suppls.  |l 2018:Nov./Dec.  |m 3238902377269 
952 f f |p ric  |a Texas A&M University  |b Rellis Campus  |c Joint Library Facility  |d Remote Storage  |t 0  |h Other scheme  |i unmediated -- volume  |k v.130  |l 2004:Nov./Dec.  |m 3238901844289 
952 f f |p ric  |a Texas A&M University  |b Rellis Campus  |c Joint Library Facility  |d Remote Storage  |t 0  |h Other scheme  |i unmediated -- volume  |k v.24  |l 1935:July/Dec.  |m 3238900416733 
952 f f |p ric  |a Texas A&M University  |b Rellis Campus  |c Joint Library Facility  |d Remote Storage  |t 0  |h Other scheme  |i unmediated -- volume  |k v.114 & suppl.  |l 1988:Jan.  |m 323890081100Z 
952 f f |p ric  |a Texas A&M University  |b Rellis Campus  |c Joint Library Facility  |d Remote Storage  |t 0  |h Other scheme  |i unmediated -- volume  |k v.110  |l 1984:Mar.  |m 3238900418779 
952 f f |p ric  |a Texas A&M University  |b Rellis Campus  |c Joint Library Facility  |d Remote Storage  |t 0  |h Other scheme  |i unmediated -- volume  |k v.114  |l 1988:Feb.  |m 3238902730150 
952 f f |p ric  |a Texas A&M University  |b Rellis Campus  |c Joint Library Facility  |d Remote Storage  |t 0  |h Other scheme  |i unmediated -- volume  |k v.117  |l 1991:July  |m 323890099958M 
952 f f |p ric  |a Texas A&M University  |b Rellis Campus  |c Joint Library Facility  |d Remote Storage  |t 0  |h Other scheme  |i unmediated -- volume  |k v.139  |l 2013:May/June  |m 3238902202750 
952 f f |p ric  |a Texas A&M University  |b Rellis Campus  |c Joint Library Facility  |d Remote Storage  |t 0  |h Other scheme  |i unmediated -- volume  |k v.139 & suppl.  |l 2013:July/Aug.  |m 3238902335476 
952 f f |p ric  |a Texas A&M University  |b Rellis Campus  |c Joint Library Facility  |d Remote Storage  |t 0  |h Other scheme  |i unmediated -- volume  |k v.139 & suppls.  |l 2013:Mar./Apr.  |m 323890219836B 
952 f f |p ric  |a Texas A&M University  |b Rellis Campus  |c Joint Library Facility  |d Remote Storage  |t 0  |h Other scheme  |i unmediated -- volume  |k v.136 & suppls.  |l 2010:July/Aug.  |m 3238902195649 
952 f f |p ric  |a Texas A&M University  |b Rellis Campus  |c Joint Library Facility  |d Remote Storage  |t 0  |h Other scheme  |i unmediated -- volume  |k v.96  |l 1970:Apr.  |m 3238901970076 
952 f f |p ric  |a Texas A&M University  |b Rellis Campus  |c Joint Library Facility  |d Remote Storage  |t 0  |h Other scheme  |i unmediated -- volume  |k v.114 & suppl.  |l 1988:Oct.  |m 3238900840778 
952 f f |p ric  |a Texas A&M University  |b Rellis Campus  |c Joint Library Facility  |d Remote Storage  |t 0  |h Other scheme  |i unmediated -- volume  |k v.108  |l 1982:Dec.  |m 3238900418645 
952 f f |p ric  |a Texas A&M University  |b Rellis Campus  |c Joint Library Facility  |d Remote Storage  |t 0  |h Other scheme  |i unmediated -- volume  |k v.143 & suppls.  |l 2017:JulyAug.  |m 3238902367617 
952 f f |p ric  |a Texas A&M University  |b Rellis Campus  |c Joint Library Facility  |d Remote Storage  |t 0  |h Other scheme  |i unmediated -- volume  |k v.33  |l 1940:Jan./June  |m 3238900416801 
952 f f |p ric  |a Texas A&M University  |b Rellis Campus  |c Joint Library Facility  |d Remote Storage  |t 0  |h Other scheme  |i unmediated -- volume  |k v.130 & suppl.  |l 2004:July/Aug.  |m 323890183848E 
952 f f |p ric  |a Texas A&M University  |b Rellis Campus  |c Joint Library Facility  |d Remote Storage  |t 0  |h Other scheme  |i unmediated -- volume  |k v.141 & suppls.  |l 2015:Mar./Apr.  |m 3238902351564 
952 f f |p ric  |a Texas A&M University  |b Rellis Campus  |c Joint Library Facility  |d Remote Storage  |t 0  |h Other scheme  |i unmediated -- volume  |k v.102:nos.1/6,8  |l 1976:Jan./Feb.  |m 3238900417846 
952 f f |p ric  |a Texas A&M University  |b Rellis Campus  |c Joint Library Facility  |d Remote Storage  |t 0  |h Other scheme  |i unmediated -- volume  |k v.108  |l 1982:Aug.  |m 3238900418601 
952 f f |p ric  |a Texas A&M University  |b Rellis Campus  |c Joint Library Facility  |d Remote Storage  |t 0  |h Other scheme  |i unmediated -- volume  |k v.128 & suppl.  |l 2002:Jan./Feb.  |m 3238901777004 
952 f f |p ric  |a Texas A&M University  |b Rellis Campus  |c Joint Library Facility  |d Remote Storage  |t 0  |h Other scheme  |i unmediated -- volume  |k v.86  |l 1963:July/Sept.  |m 3238900417262 
952 f f |p ric  |a Texas A&M University  |b Rellis Campus  |c Joint Library Facility  |d Remote Storage  |t 0  |h Other scheme  |i unmediated -- volume  |k v.113 & suppl.  |l 1987:Nov.  |m 3238900805926 
952 f f |p ric  |a Texas A&M University  |b Rellis Campus  |c Joint Library Facility  |d Remote Storage  |t 0  |h Other scheme  |i unmediated -- volume  |k v.148  |l 2022:Jan./June  |m 323890268586H 
952 f f |p ric  |a Texas A&M University  |b Rellis Campus  |c Joint Library Facility  |d Remote Storage  |t 0  |h Other scheme  |i unmediated -- volume  |k v.147:nos.14/17  |l 2021  |m 323890268385E 
952 f f |p ric  |a Texas A&M University  |b Rellis Campus  |c Joint Library Facility  |d Remote Storage  |t 0  |h Other scheme  |i unmediated -- volume  |k v.121 & suppl.  |l 1995:Jan./Mar.  |m 3238901538302 
952 f f |p ric  |a Texas A&M University  |b Rellis Campus  |c Joint Library Facility  |d Remote Storage  |t 0  |h Other scheme  |i unmediated -- volume  |k v.121 & suppl.  |l 1995:Apr./June  |m 3238901542655 
952 f f |p ric  |a Texas A&M University  |b Rellis Campus  |c Joint Library Facility  |d Remote Storage  |t 0  |h Other scheme  |i unmediated -- volume  |k v.142 & suppls.  |l 2016:Mar./Apr.  |m 323890235993D 
952 f f |p ric  |a Texas A&M University  |b Rellis Campus  |c Joint Library Facility  |d Remote Storage  |t 0  |h Other scheme  |i unmediated -- volume  |k v.117  |l 1991:Jan.  |m 3238900941815 
952 f f |p ric  |a Texas A&M University  |b Rellis Campus  |c Joint Library Facility  |d Remote Storage  |t 0  |h Other scheme  |i unmediated -- volume  |k v.111  |l 1985:Feb.  |m 3238900418421 
952 f f |p ric  |a Texas A&M University  |b Rellis Campus  |c Joint Library Facility  |d Remote Storage  |t 0  |h Other scheme  |i unmediated -- volume  |k v.145  |l 2019:Nov./Dec.  |m 3238902672728 
952 f f |p ric  |a Texas A&M University  |b Rellis Campus  |c Joint Library Facility  |d Remote Storage  |t 0  |h Other scheme  |i unmediated -- volume  |k v.96  |l 1970:May/June  |m 3238900417497 
952 f f |p ric  |a Texas A&M University  |b Rellis Campus  |c Joint Library Facility  |d Remote Storage  |t 0  |h Other scheme  |i unmediated -- volume  |k v.116  |l 1990:June  |m 323890092476A 
952 f f |p ric  |a Texas A&M University  |b Rellis Campus  |c Joint Library Facility  |d Remote Storage  |t 0  |h Other scheme  |i unmediated -- volume  |k v.105  |l 1979:Jan./Feb.  |m 323890272988I 
952 f f |p ric  |a Texas A&M University  |b Rellis Campus  |c Joint Library Facility  |d Remote Storage  |t 0  |h Other scheme  |i unmediated -- volume  |k v.127 & suppl.  |l 2001:May/June  |m 3238901762828 
952 f f |p ric  |a Texas A&M University  |b Rellis Campus  |c Joint Library Facility  |d Remote Storage  |t 0  |h Other scheme  |i unmediated -- volume  |k v.80  |l 1960:July/Dec.  |m 3238900417082 
952 f f |p ric  |a Texas A&M University  |b Rellis Campus  |c Joint Library Facility  |d Remote Storage  |t 0  |h Other scheme  |i unmediated -- volume  |k v.133 & suppls.  |l 2007:May/June  |m 323890197853F 
952 f f |p ric  |a Texas A&M University  |b Rellis Campus  |c Joint Library Facility  |d Remote Storage  |t 0  |h Other scheme  |i unmediated -- volume  |k v.133  |l 2007:Sept./Oct.  |m 323890198195F 
952 f f |p ric  |a Texas A&M University  |b Rellis Campus  |c Joint Library Facility  |d Remote Storage  |t 0  |h Other scheme  |i unmediated -- volume  |k v.132  |l 2006:Sept./Oct.  |m 323890196815C 
952 f f |p ric  |a Texas A&M University  |b Rellis Campus  |c Joint Library Facility  |d Remote Storage  |t 0  |h Other scheme  |i unmediated -- volume  |k v.135 & suppl.  |l 2009:Sept./Oct.  |m 3238902006651 
952 f f |p ric  |a Texas A&M University  |b Rellis Campus  |c Joint Library Facility  |d Remote Storage  |t 0  |h Other scheme  |i unmediated -- volume  |k v.137:nos.26/29  |l 2011:July  |m 323890267862D 
952 f f |p ric  |a Texas A&M University  |b Rellis Campus  |c Joint Library Facility  |d Remote Storage  |t 0  |h Other scheme  |i unmediated -- volume  |k v.134  |l 2008:Sept./Oct.  |m 3238901855607 
952 f f |p ric  |a Texas A&M University  |b Rellis Campus  |c Joint Library Facility  |d Remote Storage  |t 0  |h Other scheme  |i unmediated -- volume  |k v.129  |l 2003:Nov./Dec.  |m 3238901827448 
952 f f |p ric  |a Texas A&M University  |b Rellis Campus  |c Joint Library Facility  |d Remote Storage  |t 0  |h Other scheme  |i unmediated -- volume  |k suppls.  |l 2007  |m 323890199536F 
952 f f |p ric  |a Texas A&M University  |b Rellis Campus  |c Joint Library Facility  |d Remote Storage  |t 0  |h Other scheme  |i unmediated -- volume  |k v.111  |l 1985:Mar.  |m 3238900418432 
952 f f |p ric  |a Texas A&M University  |b Rellis Campus  |c Joint Library Facility  |d Remote Storage  |t 0  |h Other scheme  |i unmediated -- volume  |k v.51  |l 1948:Jan./Mar  |m 3238900416968 
952 f f |p ric  |a Texas A&M University  |b Rellis Campus  |c Joint Library Facility  |d Remote Storage  |t 0  |h Other scheme  |i unmediated -- volume  |k v.89 & index  |l 1965:Apr./June  |m 323890272957E 
952 f f |p ric  |a Texas A&M University  |b Rellis Campus  |c Joint Library Facility  |d Remote Storage  |t 0  |h Other scheme  |i unmediated -- volume  |k v.98:nos.36/37,40/44  |l 1972:Sept./Oct.  |m 323890272979I 
952 f f |p ric  |a Texas A&M University  |b Rellis Campus  |c Joint Library Facility  |d Remote Storage  |t 0  |h Other scheme  |i unmediated -- volume  |k v.78  |l 1959:July/Dec.  |m 3238902728258 
952 f f |p ric  |a Texas A&M University  |b Rellis Campus  |c Joint Library Facility  |d Remote Storage  |t 0  |h Other scheme  |i unmediated -- volume  |k v.122 & suppl.  |l 1996:Nov./Dec.  |m 3238901465806 
952 f f |p ric  |a Texas A&M University  |b Rellis Campus  |c Joint Library Facility  |d Remote Storage  |t 0  |h Other scheme  |i unmediated -- volume  |k v.131  |l 2005:Sept./Oct.  |m 3238901478529 
952 f f |p ric  |a Texas A&M University  |b Rellis Campus  |c Joint Library Facility  |d Remote Storage  |t 0  |h Other scheme  |i unmediated -- volume  |k v.135  |l 2009:May/June  |m 323890199786M 
952 f f |p ric  |a Texas A&M University  |b Rellis Campus  |c Joint Library Facility  |d Remote Storage  |t 0  |h Other scheme  |i unmediated -- volume  |k v.83  |l 1962:Jan./Mar.  |m 3238900417150 
952 f f |p ric  |a Texas A&M University  |b Rellis Campus  |c Joint Library Facility  |d Remote Storage  |t 0  |h Other scheme  |i unmediated -- volume  |k v.113:index  |l 1987  |m 3238901580668 
952 f f |p ric  |a Texas A&M University  |b Rellis Campus  |c Joint Library Facility  |d Remote Storage  |t 0  |h Other scheme  |i unmediated -- volume  |k v.114  |l 1988:Dec.  |m 323890086358C 
952 f f |p ric  |a Texas A&M University  |b Rellis Campus  |c Joint Library Facility  |d Remote Storage  |t 0  |h Other scheme  |i unmediated -- volume  |k v.115  |l 1989:Apr.  |m 323890088079E 
952 f f |p ric  |a Texas A&M University  |b Rellis Campus  |c Joint Library Facility  |d Remote Storage  |t 0  |h Other scheme  |i unmediated -- volume  |k v.106  |l 1980:Dec.  |m 3238901970065 
952 f f |p ric  |a Texas A&M University  |b Rellis Campus  |c Joint Library Facility  |d Remote Storage  |t 0  |h Other scheme  |i unmediated -- volume  |k v.126 & suppl.  |l 2000:Jan./Feb.  |m 3238901628032 
952 f f |p ric  |a Texas A&M University  |b Rellis Campus  |c Joint Library Facility  |d Remote Storage  |t 0  |h Other scheme  |i unmediated -- volume  |k v.111 & suppl.  |l 1985:Sept.  |m 3238900418498 
952 f f |p ric  |a Texas A&M University  |b Rellis Campus  |c Joint Library Facility  |d Remote Storage  |t 0  |h Other scheme  |i unmediated -- volume  |k v.111 & suppl.  |l 1985:Jan.  |m 3238900418410 
952 f f |p ric  |a Texas A&M University  |b Rellis Campus  |c Joint Library Facility  |d Remote Storage  |t 0  |h Other scheme  |i unmediated -- volume  |k v.125 & suppl.  |l 1999:May/June  |m 323890160759A 
952 f f |p ric  |a Texas A&M University  |b Rellis Campus  |c Joint Library Facility  |d Remote Storage  |t 0  |h Other scheme  |i unmediated -- volume  |k v.119  |l 1993:Oct./Dec.  |m 3238901526927 
952 f f |p ric  |a Texas A&M University  |b Rellis Campus  |c Joint Library Facility  |d Remote Storage  |t 0  |h Other scheme  |i unmediated -- volume  |k v.104  |l 1978:Sept./Oct.  |m 323890272986G 
952 f f |p ric  |a Texas A&M University  |b Rellis Campus  |c Joint Library Facility  |d Remote Storage  |t 0  |h Other scheme  |i unmediated -- volume  |k v.123  |l 1997:Nov./Dec.  |m 3238901427365 
952 f f |p ric  |a Texas A&M University  |b Rellis Campus  |c Joint Library Facility  |d Remote Storage  |t 0  |h Other scheme  |i unmediated -- volume  |k v.139 & suppl.  |l 2013:Jan./Feb.  |m 323890219818B 
952 f f |p ric  |a Texas A&M University  |b Rellis Campus  |c Joint Library Facility  |d Remote Storage  |t 0  |h Other scheme  |i unmediated -- volume  |k v.98:nos.27/28,30/35  |l 1972  |m 323890272978H 
952 f f |p ric  |a Texas A&M University  |b Rellis Campus  |c Joint Library Facility  |d Remote Storage  |t 0  |h Other scheme  |i unmediated -- volume  |k v.127:suppl.  |l 2001:Oct.  |m 323890177790D 
952 f f |p ric  |a Texas A&M University  |b Rellis Campus  |c Joint Library Facility  |d Remote Storage  |t 0  |h Other scheme  |i unmediated -- volume  |k v.100  |l 1974:May/June  |m 3238900417734 
952 f f |p ric  |a Texas A&M University  |b Rellis Campus  |c Joint Library Facility  |d Remote Storage  |t 0  |h Other scheme  |i unmediated -- volume  |k v.19  |l 1933:Jan./July 1  |m 3238900416687 
952 f f |p ric  |a Texas A&M University  |b Rellis Campus  |c Joint Library Facility  |d Remote Storage  |t 0  |h Other scheme  |i unmediated -- volume  |k v.145 & suppl.  |l 2019:July/Aug.  |m 3238902670445 
952 f f |p ric  |a Texas A&M University  |b Rellis Campus  |c Joint Library Facility  |d Remote Storage  |t 0  |h Other scheme  |i unmediated -- volume  |k v.126 & suppl.  |l 2000:Nov./Dec.  |m 3238901556728 
952 f f |p ric  |a Texas A&M University  |b Rellis Campus  |c Joint Library Facility  |d Remote Storage  |t 0  |h Other scheme  |i unmediated -- volume  |k v.48  |l 1947:Apr./June  |m 3238900416935 
952 f f |p ric  |a Texas A&M University  |b Rellis Campus  |c Joint Library Facility  |d Remote Storage  |t 0  |h Other scheme  |i unmediated -- volume  |k v.118  |l 1992:Apr.  |m 3238901290385 
952 f f |p ric  |a Texas A&M University  |b Rellis Campus  |c Joint Library Facility  |d Remote Storage  |t 0  |h Other scheme  |i unmediated -- volume  |k v.110  |l 1984:Oct.  |m 323890041878A 
952 f f |p ric  |a Texas A&M University  |b Rellis Campus  |c Joint Library Facility  |d Remote Storage  |t 0  |h Other scheme  |i unmediated -- volume  |k v.114  |l 1988:Aug.  |m 3238900843074 
952 f f |p ric  |a Texas A&M University  |b Rellis Campus  |c Joint Library Facility  |d Remote Storage  |t 0  |h Other scheme  |i unmediated -- volume  |k v.87 & index  |l 1964:Apr./June  |m 3238900417284 
952 f f |p ric  |a Texas A&M University  |b Rellis Campus  |c Joint Library Facility  |d Remote Storage  |t 0  |h Other scheme  |i unmediated -- volume  |k v.54  |l 1948:Oct./Dec.  |m 323890041699B 
952 f f |p ric  |a Texas A&M University  |b Rellis Campus  |c Joint Library Facility  |d Remote Storage  |t 0  |h Other scheme  |i unmediated -- volume  |k v.124:index  |l 1998  |m 323890159791E 
952 f f |p ric  |a Texas A&M University  |b Rellis Campus  |c Joint Library Facility  |d Remote Storage  |t 0  |h Other scheme  |i unmediated -- volume  |k v.16  |l 1931:July/Dec.  |m 3238900416665 
952 f f |p ric  |a Texas A&M University  |b Rellis Campus  |c Joint Library Facility  |d Remote Storage  |t 0  |h Other scheme  |i unmediated -- volume  |k v.107 & suppl.  |l 1981:Jan.  |m 3238900418162 
952 f f |p ric  |a Texas A&M University  |b Rellis Campus  |c Joint Library Facility  |d Remote Storage  |t 0  |h Other scheme  |i unmediated -- volume  |k v.137 & suppl.  |l 2011:Jan./Feb.  |m 3238902165387 
952 f f |p ric  |a Texas A&M University  |b Rellis Campus  |c Joint Library Facility  |d Remote Storage  |t 0  |h Other scheme  |i unmediated -- volume  |k v.138 & suppls.  |l 2012:Mar./Apr.  |m 323890217379B 
952 f f |p ric  |a Texas A&M University  |b Rellis Campus  |c Joint Library Facility  |d Remote Storage  |t 0  |h Other scheme  |i unmediated -- volume  |k v.105  |l 1979:Sept./Oct.  |m 3238900418061 
952 f f |p ric  |a Texas A&M University  |b Rellis Campus  |c Joint Library Facility  |d Remote Storage  |t 0  |h Other scheme  |i unmediated -- volume  |k v.127 & suppl.  |l 2001:Jan./Feb.  |m 3238901315732 
952 f f |p ric  |a Texas A&M University  |b Rellis Campus  |c Joint Library Facility  |d Remote Storage  |t 0  |h Other scheme  |i unmediated -- volume  |k v.127 & suppls.  |l 2001:July/Aug.  |m 3238901769139 
952 f f |p ric  |a Texas A&M University  |b Rellis Campus  |c Joint Library Facility  |d Remote Storage  |t 0  |h Other scheme  |i unmediated -- volume  |k v.141 & suppl.  |l 2016:May/June  |m 3238902360182 
952 f f |p ric  |a Texas A&M University  |b Rellis Campus  |c Joint Library Facility  |d Remote Storage  |t 0  |h Other scheme  |i unmediated -- volume  |k v.137 & suppl.  |l 2011:May/June  |m 323890216866B 
952 f f |p ric  |a Texas A&M University  |b Rellis Campus  |c Joint Library Facility  |d Remote Storage  |t 0  |h Other scheme  |i unmediated -- volume  |k v.133  |l 2007:Jan./Feb.  |m 323890197588K 
952 f f |p ric  |a Texas A&M University  |b Rellis Campus  |c Joint Library Facility  |d Remote Storage  |t 0  |h Other scheme  |i unmediated -- volume  |k v.136  |l 2010:Nov./Dec.  |m 3238902164432 
952 f f |p ric  |a Texas A&M University  |b Rellis Campus  |c Joint Library Facility  |d Remote Storage  |t 0  |h Other scheme  |i unmediated -- volume  |k v.37  |l 1942:Jan./June  |m 3238900416834 
952 f f |p ric  |a Texas A&M University  |b Rellis Campus  |c Joint Library Facility  |d Remote Storage  |t 0  |h Other scheme  |i unmediated -- volume  |k v.116  |l 1990:Mar.  |m 3238900921576 
952 f f |p ric  |a Texas A&M University  |b Rellis Campus  |c Joint Library Facility  |d Remote Storage  |t 0  |h Other scheme  |i unmediated -- volume  |k v.96  |l 1970:Mar.  |m 323890196967K 
952 f f |p ric  |a Texas A&M University  |b Rellis Campus  |c Joint Library Facility  |d Remote Storage  |t 0  |h Other scheme  |i unmediated -- volume  |k v.112 & suppl.  |l 1986:Aug.  |m 323890076592B 
952 f f |p ric  |a Texas A&M University  |b Rellis Campus  |c Joint Library Facility  |d Remote Storage  |t 0  |h Other scheme  |i unmediated -- volume  |k v.144 & suppl.  |l 2018:July/Aug.  |m 323890237648C 
952 f f |p ric  |a Texas A&M University  |b Rellis Campus  |c Joint Library Facility  |d Remote Storage  |t 0  |h Other scheme  |i unmediated -- volume  |k v.110  |l 1984:Aug.  |m 3238900418397 
952 f f |p ric  |a Texas A&M University  |b Rellis Campus  |c Joint Library Facility  |d Remote Storage  |t 0  |h Other scheme  |i unmediated -- volume  |k v.125 & suppl.  |l 1999:July/Aug.  |m 3238901613474 
952 f f |p ric  |a Texas A&M University  |b Rellis Campus  |c Joint Library Facility  |d Remote Storage  |t 0  |h Other scheme  |i unmediated -- volume  |k v.102  |l 1976:May/June  |m 3238900417868 
952 f f |p ric  |a Texas A&M University  |b Rellis Campus  |c Joint Library Facility  |d Remote Storage  |t 0  |h Other scheme  |i unmediated -- volume  |k v.125 & suppl.  |l 1999:Nov./Dec.  |m 3238901620663 
952 f f |p ric  |a Texas A&M University  |b Rellis Campus  |c Joint Library Facility  |d Remote Storage  |t 0  |h Other scheme  |i unmediated -- volume  |k v.85  |l 1963:Jan./Mar.  |m 3238900417251 
952 f f |p ric  |a Texas A&M University  |b Rellis Campus  |c Joint Library Facility  |d Remote Storage  |t 0  |h Other scheme  |i unmediated -- volume  |k v.130 & suppls.  |l 2004:May/June  |m 323890183847D 
952 f f |p ric  |a Texas A&M University  |b Rellis Campus  |c Joint Library Facility  |d Remote Storage  |t 0  |h Other scheme  |i unmediated -- volume  |k v.109 & suppl.  |l 1983:Sept.  |m 3238900418724 
952 f f |p ric  |a Texas A&M University  |b Rellis Campus  |c Joint Library Facility  |d Remote Storage  |t 0  |h Other scheme  |i unmediated -- volume  |k v.97:1/2,6/7  |l 1971  |m 3238902729709 
952 f f |p ric  |a Texas A&M University  |b Rellis Campus  |c Joint Library Facility  |d Remote Storage  |t 0  |h Other scheme  |i unmediated -- volume  |k v.101  |l 1975:May/June  |m 3238900417802 
952 f f |p ric  |a Texas A&M University  |b Rellis Campus  |c Joint Library Facility  |d Remote Storage  |t 0  |h Other scheme  |i unmediated -- volume  |k v.35  |l 1941:Jan./June  |m 3238900416812 
952 f f |p ric  |a Texas A&M University  |b Rellis Campus  |c Joint Library Facility  |d Remote Storage  |t 0  |h Other scheme  |i unmediated -- volume  |k suppls.  |l 2008  |m 323890199537G 
952 f f |p ric  |a Texas A&M University  |b Rellis Campus  |c Joint Library Facility  |d Remote Storage  |t 0  |h Other scheme  |i unmediated -- volume  |k v.101  |l 1975:Sept./Oct.  |m 3238900417824 
952 f f |p ric  |a Texas A&M University  |b Rellis Campus  |c Joint Library Facility  |d Remote Storage  |t 0  |h Other scheme  |i unmediated -- volume  |k v.143 & suppls.  |l 2017:Mar./Apr.  |m 3238902366458 
952 f f |p ric  |a Texas A&M University  |b Rellis Campus  |c Joint Library Facility  |d Remote Storage  |t 0  |h Other scheme  |i unmediated -- volume  |k v.108 & suppl.  |l 1982:Nov.  |m 3238900418634 
952 f f |p ric  |a Texas A&M University  |b Rellis Campus  |c Joint Library Facility  |d Remote Storage  |t 0  |h Other scheme  |i unmediated -- volume  |k v.75  |l 1958:Jan./Mar.  |m 3238900417060 
952 f f |p ric  |a Texas A&M University  |b Rellis Campus  |c Joint Library Facility  |d Remote Storage  |t 0  |h Other scheme  |i unmediated -- volume  |k v.122 & suppl.  |l 1996:Jan./Feb.  |m 3238901546828 
952 f f |p ric  |a Texas A&M University  |b Rellis Campus  |c Joint Library Facility  |d Remote Storage  |t 0  |h Other scheme  |i unmediated -- volume  |k v.97:nos.18/22,24/25  |l 1971  |m 323890272972B 
952 f f |p ric  |a Texas A&M University  |b Rellis Campus  |c Joint Library Facility  |d Remote Storage  |t 0  |h Other scheme  |i unmediated -- volume  |k v.95  |l 1969:March  |m 323890196959L 
952 f f |p ric  |a Texas A&M University  |b Rellis Campus  |c Joint Library Facility  |d Remote Storage  |t 0  |h Other scheme  |i unmediated -- volume  |k v.124 & suppl.  |l 1998:Mar./Apr.  |m 3238901415878 
952 f f |p ric  |a Texas A&M University  |b Rellis Campus  |c Joint Library Facility  |d Remote Storage  |t 0  |h Other scheme  |i unmediated -- volume  |k v.101  |l 1975:Nov./Dec.  |m 3238900417835 
952 f f |p ric  |a Texas A&M University  |b Rellis Campus  |c Joint Library Facility  |d Remote Storage  |t 0  |h Other scheme  |i unmediated -- volume  |k v.94:nos.27,29/35  |l 1968  |m 3238902729619 
952 f f |p ric  |a Texas A&M University  |b Rellis Campus  |c Joint Library Facility  |d Remote Storage  |t 0  |h Other scheme  |i unmediated -- volume  |k v.50  |l 1947:Oct./Dec.  |m 3238900416957 
952 f f |p ric  |a Texas A&M University  |b Rellis Campus  |c Joint Library Facility  |d Remote Storage  |t 0  |h Other scheme  |i unmediated -- volume  |k v.116 & suppl.  |l 1990:Feb.  |m 323890090698E 
952 f f |p ric  |a Texas A&M University  |b Rellis Campus  |c Joint Library Facility  |d Remote Storage  |t 0  |h Other scheme  |i unmediated -- volume  |k v.79  |l 1960:Jan./June  |m 3238900417093 
952 f f |p ric  |a Texas A&M University  |b Rellis Campus  |c Joint Library Facility  |d Remote Storage  |t 0  |h Other scheme  |i unmediated -- volume  |k v.106  |l 1980:Oct.  |m 323890272993E 
952 f f |p ric  |a Texas A&M University  |b Rellis Campus  |c Joint Library Facility  |d Remote Storage  |t 0  |h Other scheme  |i unmediated -- volume  |k v.118  |l 1992:Aug.  |m 3238901347434 
952 f f |p ric  |a Texas A&M University  |b Rellis Campus  |c Joint Library Facility  |d Remote Storage  |t 0  |h Other scheme  |i unmediated -- volume  |k v.109:nos.6/8  |l 1983:Feb.  |m 323890272999K 
952 f f |p ric  |a Texas A&M University  |b Rellis Campus  |c Joint Library Facility  |d Remote Storage  |t 0  |h Other scheme  |i unmediated -- volume  |k v.111  |l 1985:Dec.  |m 3238902730082 
952 f f |p ric  |a Texas A&M University  |b Rellis Campus  |c Joint Library Facility  |d Remote Storage  |t 0  |h Other scheme  |i unmediated -- volume  |k v.95  |l 1969:Aug.  |m 323890196956I 
952 f f |p ric  |a Texas A&M University  |b Rellis Campus  |c Joint Library Facility  |d Remote Storage  |t 0  |h Other scheme  |i unmediated -- volume  |k v.59  |l 1950:Jan./June  |m 3238900417194 
952 f f |p ric  |a Texas A&M University  |b Rellis Campus  |c Joint Library Facility  |d Remote Storage  |t 0  |h Other scheme  |i unmediated -- volume  |k v.113  |l 1987:Dec.  |m 3238900807704 
952 f f |p ric  |a Texas A&M University  |b Rellis Campus  |c Joint Library Facility  |d Remote Storage  |t 0  |h Other scheme  |i unmediated -- volume  |k v.130 & suppl.  |l 2004:Mar./Apr.  |m 3238901832679 
952 f f |p ric  |a Texas A&M University  |b Rellis Campus  |c Joint Library Facility  |d Remote Storage  |t 0  |h Other scheme  |i unmediated -- volume  |k v.120 & suppl.  |l 1994:Apr./June  |m 323890158288E 
952 f f |p ric  |a Texas A&M University  |b Rellis Campus  |c Joint Library Facility  |d Remote Storage  |t 0  |h Other scheme  |i unmediated -- volume  |k v.118  |l 1992:Feb.  |m 3238901290374 
952 f f |p ric  |a Texas A&M University  |b Rellis Campus  |c Joint Library Facility  |d Remote Storage  |t 0  |h Other scheme  |i unmediated -- volume  |k v.132  |l 2006:Dec.  |m 323890197277F 
952 f f |p ric  |a Texas A&M University  |b Rellis Campus  |c Joint Library Facility  |d Remote Storage  |t 0  |h Other scheme  |i unmediated -- volume  |k v.108  |l 1982:Apr.  |m 323890272998J 
952 f f |p ric  |a Texas A&M University  |b Rellis Campus  |c Joint Library Facility  |d Remote Storage  |t 0  |h Other scheme  |i unmediated -- volume  |k v.107  |l 1981:Oct.  |m 3238900418252 
952 f f |p ric  |a Texas A&M University  |b Rellis Campus  |c Joint Library Facility  |d Remote Storage  |t 0  |h Other scheme  |i unmediated -- volume  |k v.109  |l 1983:Aug.  |m 3238900418713 
952 f f |p ric  |a Texas A&M University  |b Rellis Campus  |c Joint Library Facility  |d Remote Storage  |t 0  |h Other scheme  |i unmediated -- volume  |k v.133  |l 2007:July/Aug.  |m 3238901981315 
952 f f |p ric  |a Texas A&M University  |b Rellis Campus  |c Joint Library Facility  |d Remote Storage  |t 0  |h Other scheme  |i unmediated -- volume  |k v.115  |l 1989:Sept.  |m 323890086559F 
952 f f |p ric  |a Texas A&M University  |b Rellis Campus  |c Joint Library Facility  |d Remote Storage  |t 0  |h Other scheme  |i unmediated -- volume  |k v.115  |l 1989:Mar.  |m 3238900874135 
952 f f |p ric  |a Texas A&M University  |b Rellis Campus  |c Joint Library Facility  |d Remote Storage  |t 0  |h Other scheme  |i unmediated -- volume  |k v.28  |l 1937:July/Dec.  |m 3238900416755 
952 f f |p ric  |a Texas A&M University  |b Rellis Campus  |c Joint Library Facility  |d Remote Storage  |t 0  |h Other scheme  |i unmediated -- volume  |k v.102:nos.9/15,18 & suppl.  |l 1976:Mar./Apr.  |m 3238900417857 
952 f f |p ric  |a Texas A&M University  |b Rellis Campus  |c Joint Library Facility  |d Remote Storage  |t 0  |h Other scheme  |i unmediated -- volume  |k v.135 & suppls  |l 2009:Mar./Apr.  |m 323890199730B 
952 f f |p ric  |a Texas A&M University  |b Rellis Campus  |c Joint Library Facility  |d Remote Storage  |t 0  |h Other scheme  |i unmediated -- volume  |k v.63  |l 1952:Jan./June  |m 3238902728214 
952 f f |p ric  |a Texas A&M University  |b Rellis Campus  |c Joint Library Facility  |d Remote Storage  |t 0  |h Other scheme  |i unmediated -- volume  |k v.117 & suppl.  |l 1991:Aug.  |m 323890101035Z 
952 f f |p ric  |a Texas A&M University  |b Rellis Campus  |c Joint Library Facility  |d Remote Storage  |t 0  |h Other scheme  |i unmediated -- volume  |k v.118  |l 1992:June  |m 3238901344543 
952 f f |p ric  |a Texas A&M University  |b Rellis Campus  |c Joint Library Facility  |d Remote Storage  |t 0  |h Other scheme  |i unmediated -- volume  |k v.147:nos.9/13  |l 2021   |m 323890268386F 
952 f f |p ric  |a Texas A&M University  |b Rellis Campus  |c Joint Library Facility  |d Remote Storage  |t 0  |h Other scheme  |i unmediated -- volume  |k v.124 & suppl.  |l 1998:July/Aug.  |m 3238901424351 
952 f f |p ric  |a Texas A&M University  |b Rellis Campus  |c Joint Library Facility  |d Remote Storage  |t 0  |h Other scheme  |i unmediated -- volume  |k v.128  |l 2002:Nov./Dec.  |m 323890133599C 
952 f f |p ric  |a Texas A&M University  |b Rellis Campus  |c Joint Library Facility  |d Remote Storage  |t 0  |h Other scheme  |i unmediated -- volume  |k v.109  |l 1983:Oct.  |m 3238900418735 
952 f f |p ric  |a Texas A&M University  |b Rellis Campus  |c Joint Library Facility  |d Remote Storage  |t 0  |h Other scheme  |i unmediated -- volume  |k v.114  |l 1988:May  |m 3238900829078 
952 f f |p ric  |a Texas A&M University  |b Rellis Campus  |c Joint Library Facility  |d Remote Storage  |t 0  |h Other scheme  |i unmediated -- volume  |k v.82 & index  |l 1961:Oct./Dec.  |m 323890272954B 
952 f f |p ric  |a Texas A&M University  |b Rellis Campus  |c Joint Library Facility  |d Remote Storage  |t 0  |h Other scheme  |i unmediated -- volume  |k v.111  |l 1985:Oct.  |m 3238900418500 
952 f f |p ric  |a Texas A&M University  |b Rellis Campus  |c Joint Library Facility  |d Remote Storage  |t 0  |h Other scheme  |i unmediated -- volume  |k v.112  |l 1986:Apr.  |m 3238900357827 
952 f f |p ric  |a Texas A&M University  |b Rellis Campus  |c Joint Library Facility  |d Remote Storage  |t 0  |h Other scheme  |i unmediated -- volume  |k v.113  |l 1987:Aug.  |m 3238901076501 
952 f f |p ric  |a Texas A&M University  |b Rellis Campus  |c Joint Library Facility  |d Remote Storage  |t 0  |h Other scheme  |i unmediated -- volume  |k v.58 & index  |l 1949:Oct./Dec.  |m 3238902728203 
952 f f |p ric  |a Texas A&M University  |b Rellis Campus  |c Joint Library Facility  |d Remote Storage  |t 0  |h Other scheme  |i unmediated -- volume  |k v.107  |l 1981:May  |m 323890272994F 
952 f f |p ric  |a Texas A&M University  |b Rellis Campus  |c Joint Library Facility  |d Remote Storage  |t 0  |h Other scheme  |i unmediated -- volume  |k v.108 & suppl.  |l 1982:Sept.  |m 3238900418612 
952 f f |p ric  |a Texas A&M University  |b Rellis Campus  |c Joint Library Facility  |d Remote Storage  |t 0  |h Other scheme  |i unmediated -- volume  |k v.66  |l 1953:July/Dec.  |m 3238902728247 
952 f f |p ric  |a Texas A&M University  |b Rellis Campus  |c Joint Library Facility  |d Remote Storage  |t 0  |h Other scheme  |i unmediated -- volume  |k v.100  |l 1974:Feb.  |m 3238900417712 
952 f f |p ric  |a Texas A&M University  |b Rellis Campus  |c Joint Library Facility  |d Remote Storage  |t 0  |h Other scheme  |i unmediated -- volume  |k v.128:suppl.  |l 2002  |m 323890178964H 
952 f f |p ric  |a Texas A&M University  |b Rellis Campus  |c Joint Library Facility  |d Remote Storage  |t 0  |h Other scheme  |i unmediated -- volume  |k v.98:nos.45/51  |l 1972  |m 323890272980A 
952 f f |p ric  |a Texas A&M University  |b Rellis Campus  |c Joint Library Facility  |d Remote Storage  |t 0  |h Other scheme  |i unmediated -- volume  |k v.125:index  |l 1999  |m 3238901631294 
952 f f |p ric  |a Texas A&M University  |b Rellis Campus  |c Joint Library Facility  |d Remote Storage  |t 0  |h Other scheme  |i unmediated -- volume  |k v.105  |l 1979:May/June  |m 323890272989J 
952 f f |p ric  |a Texas A&M University  |b Rellis Campus  |c Joint Library Facility  |d Remote Storage  |t 0  |h Other scheme  |i unmediated -- volume  |k v.113  |l 1987:Mar.  |m 323890078377E 
952 f f |p ric  |a Texas A&M University  |b Rellis Campus  |c Joint Library Facility  |d Remote Storage  |t 0  |h Other scheme  |i unmediated -- volume  |k v.103  |l 1977:Mar./Apr.  |m 3238900417914 
952 f f |p ric  |a Texas A&M University  |b Rellis Campus  |c Joint Library Facility  |d Remote Storage  |t 0  |h Other scheme  |i unmediated -- volume  |k v.134 & suppl.  |l 2008:July/Aug.  |m 3238901855326 
952 f f |p ric  |a Texas A&M University  |b Rellis Campus  |c Joint Library Facility  |d Remote Storage  |t 0  |h Other scheme  |i unmediated -- volume  |k v.131  |l 2004:Mar./Apr.  |m 323890179817F 
952 f f |p ric  |a Texas A&M University  |b Rellis Campus  |c Joint Library Facility  |d Remote Storage  |t 0  |h Other scheme  |i unmediated -- volume  |k v.139  |l 2013:Nov./Dec.  |m 3238902339166 
952 f f |p ric  |a Texas A&M University  |b Rellis Campus  |c Joint Library Facility  |d Remote Storage  |t 0  |h Other scheme  |i unmediated -- volume  |k v.104  |l 1978:Jan./Feb.  |m 3238900417969 
952 f f |p ric  |a Texas A&M University  |b Rellis Campus  |c Joint Library Facility  |d Remote Storage  |t 0  |h Other scheme  |i unmediated -- volume  |k v.95:nos.1/2,4/5,7/8  |l 1969  |m 323890272965D 
952 f f |p ric  |a Texas A&M University  |b Rellis Campus  |c Joint Library Facility  |d Remote Storage  |t 0  |h Other scheme  |i unmediated -- volume  |k v.141 & suppl.  |l 2015:Sept./Oct.  |m 3238902353847 
952 f f |p ric  |a Texas A&M University  |b Rellis Campus  |c Joint Library Facility  |d Remote Storage  |t 0  |h Other scheme  |i unmediated -- volume  |k v.116 & suppl.  |l 1990:Aug.  |m 3238900929057 
952 f f |p ric  |a Texas A&M University  |b Rellis Campus  |c Joint Library Facility  |d Remote Storage  |t 0  |h Other scheme  |i unmediated -- volume  |k v.143 & suppls.  |l 2017:Jan./Feb.  |m 3238902365446 
952 f f |p ric  |a Texas A&M University  |b Rellis Campus  |c Joint Library Facility  |d Remote Storage  |t 0  |h Other scheme  |i unmediated -- volume  |k v.118  |l 1992:Jan.  |m 3238901016774 
952 f f |p ric  |a Texas A&M University  |b Rellis Campus  |c Joint Library Facility  |d Remote Storage  |t 0  |h Other scheme  |i unmediated -- volume  |k v.138  |l 2012:Nov./Dec.  |m 323890219655A 
952 f f |p ric  |a Texas A&M University  |b Rellis Campus  |c Joint Library Facility  |d Remote Storage  |t 0  |h Other scheme  |i unmediated -- volume  |k v.115 & suppl.  |l 1989:July  |m 3238900883326 
952 f f |p ric  |a Texas A&M University  |b Rellis Campus  |c Joint Library Facility  |d Remote Storage  |t 0  |h Other scheme  |i unmediated -- volume  |k v.90  |l 1965:July/Sept.  |m 323890272958F 
952 f f |p ric  |a Texas A&M University  |b Rellis Campus  |c Joint Library Facility  |d Remote Storage  |t 0  |h Other scheme  |i unmediated -- volume  |k v.115  |l 1989:Feb.  |m 3238900875079 
952 f f |p ric  |a Texas A&M University  |b Rellis Campus  |c Joint Library Facility  |d Remote Storage  |t 0  |h Other scheme  |i unmediated -- volume  |k v.97:nos.44/51 msg. no.52  |l 1971:Nov./Dec.  |m 323890272974D 
952 f f |p ric  |a Texas A&M University  |b Rellis Campus  |c Joint Library Facility  |d Remote Storage  |t 0  |h Other scheme  |i unmediated -- volume  |k v.61  |l 1951:Jan./June  |m 3238900417161 
952 f f |p ric  |a Texas A&M University  |b Rellis Campus  |c Joint Library Facility  |d Remote Storage  |t 0  |h Other scheme  |i unmediated -- volume  |k v.104  |l 1978:Nov./Dec.  |m 323890272987H 
952 f f |p ric  |a Texas A&M University  |b Rellis Campus  |c Joint Library Facility  |d Remote Storage  |t 0  |h Other scheme  |i unmediated -- volume  |k v.21  |l 1934:Jan./June  |m 3238900416700 
952 f f |p ric  |a Texas A&M University  |b Rellis Campus  |c Joint Library Facility  |d Remote Storage  |t 0  |h Other scheme  |i unmediated -- volume  |k v.139 & suppl.  |l 2013:Sept/Oct  |m 323890220220X 
952 f f |p ric  |a Texas A&M University  |b Rellis Campus  |c Joint Library Facility  |d Remote Storage  |t 0  |h Other scheme  |i unmediated -- volume  |k v.123  |l 1997:May/June  |m 3238901440977 
952 f f |p ric  |a Texas A&M University  |b Rellis Campus  |c Joint Library Facility  |d Remote Storage  |t 0  |h Other scheme  |i unmediated -- volume  |k v.144 & suppl.  |l 2018:Mar./Apr.  |m 3238902374255 
952 f f |p ric  |a Texas A&M University  |b Rellis Campus  |c Joint Library Facility  |d Remote Storage  |t 0  |h Other scheme  |i unmediated -- volume  |k v.83 & index  |l 1962:Apr./June  |m 323890272955C 
952 f f |p ric  |a Texas A&M University  |b Rellis Campus  |c Joint Library Facility  |d Remote Storage  |t 0  |h Other scheme  |i unmediated -- volume  |k v.112  |l 1986:Jan.  |m 3238900352350 
952 f f |p ric  |a Texas A&M University  |b Rellis Campus  |c Joint Library Facility  |d Remote Storage  |t 0  |h Other scheme  |i unmediated -- volume  |k v.117 & suppls.  |l 1991:Feb.  |m 3238900951322 
952 f f |p ric  |a Texas A&M University  |b Rellis Campus  |c Joint Library Facility  |d Remote Storage  |t 0  |h Other scheme  |i unmediated -- volume  |k v.115  |l 1989:Dec.  |m 3238900869038 
952 f f |p ric  |a Texas A&M University  |b Rellis Campus  |c Joint Library Facility  |d Remote Storage  |t 0  |h Other scheme  |i unmediated -- volume  |k v.94:nos.18/19,21/26  |l 1968  |m 3238902729608 
952 f f |p ric  |a Texas A&M University  |b Rellis Campus  |c Joint Library Facility  |d Remote Storage  |t 0  |h Other scheme  |i unmediated -- volume  |k v.76  |l 1958:July/Dec.  |m 3238900417071 
952 f f |p ric  |a Texas A&M University  |b Rellis Campus  |c Joint Library Facility  |d Remote Storage  |t 0  |h Other scheme  |i unmediated -- volume  |k v.118  |l 1992:May  |m 3238901344554 
952 f f |p ric  |a Texas A&M University  |b Rellis Campus  |c Joint Library Facility  |d Remote Storage  |t 0  |h Other scheme  |i unmediated -- volume  |k v.112 & suppl.  |l 1986:Nov.  |m 3238900773166 
952 f f |p ric  |a Texas A&M University  |b Rellis Campus  |c Joint Library Facility  |d Remote Storage  |t 0  |h Other scheme  |i unmediated -- volume  |k v.146  |l 2020:Sept./Oct.  |m 3238902674629 
952 f f |p ric  |a Texas A&M University  |b Rellis Campus  |c Joint Library Facility  |d Remote Storage  |t 0  |h Other scheme  |i unmediated -- volume  |k v.105:nos.46/53  |l 1979:Nov./Dec.  |m 3238900418072 
952 f f |p ric  |a Texas A&M University  |b Rellis Campus  |c Joint Library Facility  |d Remote Storage  |t 0  |h Other scheme  |i unmediated -- volume  |k v.108  |l 1982:May  |m 3238900418320 
952 f f |p ric  |a Texas A&M University  |b Rellis Campus  |c Joint Library Facility  |d Remote Storage  |t 0  |h Other scheme  |i unmediated -- volume  |k v.106:nos.27/29,31,32,34,45  |l 1980  |m 323890272991C 
952 f f |p ric  |a Texas A&M University  |b Rellis Campus  |c Joint Library Facility  |d Remote Storage  |t 0  |h Other scheme  |i unmediated -- volume  |k v.109 & suppl.  |l 1983:Nov.  |m 3238900418746 
952 f f |p ric  |a Texas A&M University  |b Rellis Campus  |c Joint Library Facility  |d Remote Storage  |t 0  |h Other scheme  |i unmediated -- volume  |k v.124 & suppl.  |l 1998:Sept./Oct.  |m 323890158978K 
952 f f |p ric  |a Texas A&M University  |b Rellis Campus  |c Joint Library Facility  |d Remote Storage  |t 0  |h Other scheme  |i unmediated -- volume  |k v.137:nos.44-49  |l 2011:Nov./Dec.  |m 323890267860B 
952 f f |p ric  |a Texas A&M University  |b Rellis Campus  |c Joint Library Facility  |d Remote Storage  |t 0  |h Other scheme  |i unmediated -- volume  |k v.106:nos.9/16  |l 1980  |m 3238900418094 
952 f f |p ric  |a Texas A&M University  |b Rellis Campus  |c Joint Library Facility  |d Remote Storage  |t 0  |h Other scheme  |i unmediated -- volume  |k v.146  |l 2020:Mar./Apr.  |m 323890267359E 
952 f f |p ric  |a Texas A&M University  |b Rellis Campus  |c Joint Library Facility  |d Remote Storage  |t 0  |h Other scheme  |i unmediated -- volume  |k v.107  |l 1981:Aug.  |m 3238900418230 
952 f f |p ric  |a Texas A&M University  |b Rellis Campus  |c Joint Library Facility  |d Remote Storage  |t 0  |h Other scheme  |i unmediated -- volume  |k v.115  |l 1989:Nov.  |m 323890086772C 
952 f f |p ric  |a Texas A&M University  |b Rellis Campus  |c Joint Library Facility  |d Remote Storage  |t 0  |h Other scheme  |i unmediated -- volume  |k v.142 & suppl.  |l 2016:Nov./Dec.  |m 3238902367279 
952 f f |p ric  |a Texas A&M University  |b Rellis Campus  |c Joint Library Facility  |d Remote Storage  |t 0  |h Other scheme  |i unmediated -- volume  |k v.140 & suppls.  |l 2014:Jan./Feb.  |m 3238902339155 
952 f f |p ric  |a Texas A&M University  |b Rellis Campus  |c Joint Library Facility  |d Remote Storage  |t 0  |h Other scheme  |i unmediated -- volume  |k v.107  |l 1981:June  |m 323890272995G 
952 f f |p ric  |a Texas A&M University  |b Rellis Campus  |c Joint Library Facility  |d Remote Storage  |t 0  |h Other scheme  |i unmediated -- volume  |k v.110  |l 1984:July  |m 3238900418386 
952 f f |p ric  |a Texas A&M University  |b Rellis Campus  |c Joint Library Facility  |d Remote Storage  |t 0  |h Other scheme  |i unmediated -- volume  |k v.120  |l 1994:Oct./Dec.  |m 3238901533475 
952 f f |p ric  |a Texas A&M University  |b Rellis Campus  |c Joint Library Facility  |d Remote Storage  |t 0  |h Other scheme  |i unmediated -- volume  |k v.135:nos.45/51  |l 2009  |m 3238902016900 
952 f f |p ric  |a Texas A&M University  |b Rellis Campus  |c Joint Library Facility  |d Remote Storage  |t 0  |h Other scheme  |i unmediated -- volume  |k v.97:nos.36,38/43  |l 1971  |m 323890272973C 
952 f f |p ric  |a Texas A&M University  |b Rellis Campus  |c Joint Library Facility  |d Remote Storage  |t 0  |h Other scheme  |i unmediated -- volume  |k v.131  |l 2005:July/Aug.  |m 3238901802373 
952 f f |p ric  |a Texas A&M University  |b Rellis Campus  |c Joint Library Facility  |d Remote Storage  |t 0  |h Other scheme  |i unmediated -- volume  |k v.116 & suppl.  |l 1990:Oct.  |m 3238900934457 
952 f f |p ric  |a Texas A&M University  |b Rellis Campus  |c Joint Library Facility  |d Remote Storage  |t 0  |h Other scheme  |i unmediated -- volume  |k v.140 & suppls.  |l 2014:Mar./Apr.  |m 3238902339324 
952 f f |p ric  |a Texas A&M University  |b Rellis Campus  |c Joint Library Facility  |d Remote Storage  |t 0  |h Other scheme  |i unmediated -- volume  |k v.108  |l 1982:Mar.  |m 323890272997I 
952 f f |p ric  |a Texas A&M University  |b Rellis Campus  |c Joint Library Facility  |d Remote Storage  |t 0  |h Other scheme  |i unmediated -- volume  |k v.141 & suppl.  |l 2015:Nov./Dec.  |m 3238902356053 
952 f f |p ric  |a Texas A&M University  |b Rellis Campus  |c Joint Library Facility  |d Remote Storage  |t 0  |h Other scheme  |i unmediated -- volume  |k v.114 & suppl.  |l 1988:July  |m 3238900836144 
952 f f |p ric  |a Texas A&M University  |b Rellis Campus  |c Joint Library Facility  |d Remote Storage  |t 0  |h Other scheme  |i unmediated -- volume  |k v.137 & suppl.  |l 2011:Sept./Oct.  |m 3238902170361 
952 f f |p ric  |a Texas A&M University  |b Rellis Campus  |c Joint Library Facility  |d Remote Storage  |t 0  |h Other scheme  |i unmediated -- volume  |k v.107  |l 1981:Feb.  |m 3238900418173 
952 f f |p ric  |a Texas A&M University  |b Rellis Campus  |c Joint Library Facility  |d Remote Storage  |t 0  |h Other scheme  |i unmediated -- volume  |k v.104  |l 1978:Mar./Apr.  |m 323890041797A 
952 f f |p ric  |a Texas A&M University  |b Rellis Campus  |c Joint Library Facility  |d Remote Storage  |t 0  |h Other scheme  |i unmediated -- volume  |k v.118 & suppl.  |l 1992:Sept.  |m 3238901349111 
952 f f |p ric  |a Texas A&M University  |b Rellis Campus  |c Joint Library Facility  |d Remote Storage  |t 0  |h Other scheme  |i unmediated -- volume  |k v.111 & suppl.  |l 1985:Nov.  |m 3238900418511 
952 f f |p ric  |a Texas A&M University  |b Rellis Campus  |c Joint Library Facility  |d Remote Storage  |t 0  |h Other scheme  |i unmediated -- volume  |k v.101:nos.9/12 & suppl.  |l 1975:Mar.  |m 3238900417789 
952 f f |p ric  |a Texas A&M University  |b Rellis Campus  |c Joint Library Facility  |d Remote Storage  |t 0  |h Other scheme  |i unmediated -- volume  |k v.32  |l 1939:July 8/Dec.  |m 3238900416799 
952 f f |p ric  |a Texas A&M University  |b Rellis Campus  |c Joint Library Facility  |d Remote Storage  |t 0  |h Other scheme  |i unmediated -- volume  |k v.96:nos.1/2,4/6,8/9  |l 1970  |m 323890272968G 
952 f f |p ric  |a Texas A&M University  |b Rellis Campus  |c Joint Library Facility  |d Remote Storage  |t 0  |h Other scheme  |i unmediated -- volume  |k v.99:nos.40/42,44  |l 1973  |m 323890272985F 
952 f f |p ric  |a Texas A&M University  |b Rellis Campus  |c Joint Library Facility  |d Remote Storage  |t 0  |h Other scheme  |i unmediated -- volume  |k v.111 & suppl.  |l 1985:Aug.  |m 3238900418487 
952 f f |p ric  |a Texas A&M University  |b Rellis Campus  |c Joint Library Facility  |d Remote Storage  |t 0  |h Other scheme  |i unmediated -- volume  |k v.55  |l 1949:Jan./Mar.  |m 3238902728179 
952 f f |p ric  |a Texas A&M University  |b Rellis Campus  |c Joint Library Facility  |d Remote Storage  |t 0  |h Other scheme  |i unmediated -- volume  |k v.98:nos.1/2,4/6,8/9  |l 1972  |m 323890272975E 
952 f f |p ric  |a Texas A&M University  |b Rellis Campus  |c Joint Library Facility  |d Remote Storage  |t 0  |h Other scheme  |i unmediated -- volume  |k v.142 & suppls.  |l 2016:July/Aug.  |m 3238902362599 
952 f f |p ric  |a Texas A&M University  |b Rellis Campus  |c Joint Library Facility  |d Remote Storage  |t 0  |h Other scheme  |i unmediated -- volume  |k v.42  |l 1944:July/Dec.  |m 3238900416889 
952 f f |p ric  |a Texas A&M University  |b Rellis Campus  |c Joint Library Facility  |d Remote Storage  |t 0  |h Other scheme  |i unmediated -- volume  |k v.30  |l 1938:July/Dec.  |m 3238900416777 
952 f f |p ric  |a Texas A&M University  |b Rellis Campus  |c Joint Library Facility  |d Remote Storage  |t 0  |h Other scheme  |i unmediated -- volume  |k v.115 & suppl.  |l 1989:June  |m 323890088996M 
952 f f |p ric  |a Texas A&M University  |b Rellis Campus  |c Joint Library Facility  |d Remote Storage  |t 0  |h Other scheme  |i unmediated -- volume  |k v.141 & suppls.  |l 2015:July/Aug.  |m 3238902353623 
952 f f |p ric  |a Texas A&M University  |b Rellis Campus  |c Joint Library Facility  |d Remote Storage  |t 0  |h Other scheme  |i unmediated -- volume  |k v.95  |l 1969:July  |m 323890196957J 
952 f f |p ric  |a Texas A&M University  |b Rellis Campus  |c Joint Library Facility  |d Remote Storage  |t 0  |h Other scheme  |i unmediated -- volume  |k v.107  |l 1981:July  |m 323890272996H 
952 f f |p ric  |a Texas A&M University  |b Rellis Campus  |c Joint Library Facility  |d Remote Storage  |t 0  |h Other scheme  |i unmediated -- volume  |k v.144 & suppl.  |l 2018:Jan./Feb.  |m 323890237295A 
952 f f |p ric  |a Texas A&M University  |b Rellis Campus  |c Joint Library Facility  |d Remote Storage  |t 0  |h Other scheme  |i unmediated -- volume  |k v.57  |l 1949:July/Sept.  |m 323890272819B 
952 f f |p ric  |a Texas A&M University  |b Rellis Campus  |c Joint Library Facility  |d Remote Storage  |t 0  |h Other scheme  |i unmediated -- volume  |k v.100  |l 1974:Sept./Oct.  |m 3238900417756 
952 f f |p ric  |a Texas A&M University  |b Rellis Campus  |c Joint Library Facility  |d Remote Storage  |t 0  |h Other scheme  |i unmediated -- volume  |k v.116  |l 1990:Apr.  |m 3238900921587 
952 f f |p ric  |a Texas A&M University  |b Rellis Campus  |c Joint Library Facility  |d Remote Storage  |t 0  |h Other scheme  |i unmediated -- volume  |k v.140 & suppls.  |l 2014:July/Aug.  |m 3238902344230 
952 f f |p ric  |a Texas A&M University  |b Rellis Campus  |c Joint Library Facility  |d Remote Storage  |t 0  |h Other scheme  |i unmediated -- volume  |k v.106:nos.36,39  |l 1980  |m 323890272992D 
952 f f |p ric  |a Texas A&M University  |b Rellis Campus  |c Joint Library Facility  |d Remote Storage  |t 0  |h Other scheme  |i unmediated -- volume  |k v.129 & suppl.  |l 2003:May/June  |m 3238901821251 
952 f f |p ric  |a Texas A&M University  |b Rellis Campus  |c Joint Library Facility  |d Remote Storage  |t 0  |h Other scheme  |i unmediated -- volume  |k v.117  |l 1991:Sept.  |m 323890099954I 
952 f f |p ric  |a Texas A&M University  |b Rellis Campus  |c Joint Library Facility  |d Remote Storage  |t 0  |h Other scheme  |i unmediated -- volume  |k v.97:nos.9,11/17  |l 1971  |m 323890272971A 
952 f f |p ric  |a Texas A&M University  |b Rellis Campus  |c Joint Library Facility  |d Remote Storage  |t 0  |h Other scheme  |i unmediated -- volume  |k v.123  |l 1997:Mar./Apr.  |m 3238901457166 
952 f f |p ric  |a Texas A&M University  |b Rellis Campus  |c Joint Library Facility  |d Remote Storage  |t 0  |h Other scheme  |i unmediated -- volume  |k v.101  |l 1975:Feb.  |m 3238900417778 
952 f f |p ric  |a Texas A&M University  |b Rellis Campus  |c Joint Library Facility  |d Remote Storage  |t 0  |h Other scheme  |i unmediated -- volume  |k v.84 & index  |l 1962:Oct./Dec.  |m 3238900417240 
952 f f |p ric  |a Texas A&M University  |b Rellis Campus  |c Joint Library Facility  |d Remote Storage  |t 0  |h Other scheme  |i unmediated -- volume  |k v.127  |l 2001:Nov./Dec.  |m 3238901771154 
952 f f |p ric  |a Texas A&M University  |b Rellis Campus  |c Joint Library Facility  |d Remote Storage  |t 0  |h Other scheme  |i unmediated -- volume  |k v.143 & suppl.  |l 2017:Sept./Oct.  |m 323890236829C 
952 f f |p ric  |a Texas A&M University  |b Rellis Campus  |c Joint Library Facility  |d Remote Storage  |t 0  |h Other scheme  |i unmediated -- volume  |k v.95:nos.18/19,21/26  |l 1969:May/June  |m 323890272966E 
952 f f |p ric  |a Texas A&M University  |b Rellis Campus  |c Joint Library Facility  |d Remote Storage  |t 0  |h Other scheme  |i unmediated -- volume  |k v.109  |l 1983:Apr.  |m 3238900418678 
952 f f |p ric  |a Texas A&M University  |b Rellis Campus  |c Joint Library Facility  |d Remote Storage  |t 0  |h Other scheme  |i unmediated -- volume  |k v.128 & suppl.  |l 2002:May/June  |m 3238901806344 
952 f f |p ric  |a Texas A&M University  |b Rellis Campus  |c Joint Library Facility  |d Remote Storage  |t 0  |h Other scheme  |i unmediated -- volume  |k v.114 & suppl.  |l 1988:Nov.  |m 323890086359D 
952 f f |p ric  |a Texas A&M University  |b Rellis Campus  |c Joint Library Facility  |d Remote Storage  |t 0  |h Other scheme  |i unmediated -- volume  |k v.113 & suppl.  |l 1987:July  |m 323890079913B 
952 f f |p ric  |a Texas A&M University  |b Rellis Campus  |c Joint Library Facility  |d Remote Storage  |t 0  |h Other scheme  |i unmediated -- volume  |k v.136 & suppl.  |l 2010:Sept./Oct.  |m 3238902162294 
952 f f |p ric  |a Texas A&M University  |b Rellis Campus  |c Joint Library Facility  |d Remote Storage  |t 0  |h Other scheme  |i unmediated -- volume  |k v.100  |l 1974:Nov./Dec.  |m 3238900417767 
952 f f |p ric  |a Texas A&M University  |b Rellis Campus  |c Joint Library Facility  |d Remote Storage  |t 0  |h Other scheme  |i unmediated -- volume  |k v.99:nos.7,36/38  |l 1973  |m 323890272984E 
952 f f |p ric  |a Texas A&M University  |b Rellis Campus  |c Joint Library Facility  |d Remote Storage  |t 0  |h Other scheme  |i unmediated -- volume  |k v.112  |l 1986:Oct.  |m 3238900771568 
952 f f |p ric  |a Texas A&M University  |b Rellis Campus  |c Joint Library Facility  |d Remote Storage  |t 0  |h Other scheme  |i unmediated -- volume  |k v.96  |l 1970:Sept./Oct.  |m 3238900417510 
952 f f |p ric  |a Texas A&M University  |b Rellis Campus  |c Joint Library Facility  |d Remote Storage  |t 0  |h Other scheme  |i unmediated -- volume  |k v.111  |l 1985:Apr.  |m 3238900418443 
952 f f |p ric  |a Texas A&M University  |b Rellis Campus  |c Joint Library Facility  |d Remote Storage  |t 0  |h Other scheme  |i unmediated -- volume  |k v.107 & suppl.  |l 1981:Nov.  |m 3238900418263 
952 f f |p ric  |a Texas A&M University  |b Rellis Campus  |c Joint Library Facility  |d Remote Storage  |t 0  |h Other scheme  |i unmediated -- volume  |k v.44  |l 1945:July/Dec.  |m 3238900416902 
952 f f |p ric  |a Texas A&M University  |b Rellis Campus  |c Joint Library Facility  |d Remote Storage  |t 0  |h Other scheme  |i unmediated -- volume  |k v.115 & suppl.  |l 1989:Aug.  |m 323890089990H 
952 f f |p ric  |a Texas A&M University  |b Rellis Campus  |c Joint Library Facility  |d Remote Storage  |t 0  |h Other scheme  |i unmediated -- volume  |k v.134  |l 2008:Mar./Apr.  |m 323890198586J 
952 f f |p ric  |a Texas A&M University  |b Rellis Campus  |c Joint Library Facility  |d Remote Storage  |t 0  |h Other scheme  |i unmediated -- volume  |k v.109:nos.27/29,31  |l 1983:July  |m 3238900418702 
952 f f |p ric  |a Texas A&M University  |b Rellis Campus  |c Joint Library Facility  |d Remote Storage  |t 0  |h Other scheme  |i unmediated -- volume  |k v.125 & suppl.  |l 1999:Mar./Apr.  |m 3238901605712 
952 f f |p ric  |a Texas A&M University  |b Rellis Campus  |c Joint Library Facility  |d Remote Storage  |t 0  |h Other scheme  |i unmediated -- volume  |k v.145 & suppl.  |l 2019:Mar./Apr.  |m 323890237866E 
952 f f |p ric  |a Texas A&M University  |b Rellis Campus  |c Joint Library Facility  |d Remote Storage  |t 0  |h Other scheme  |i unmediated -- volume  |k v.113 & suppl.  |l 1987:Sept.  |m 3238900802350 
952 f f |p ric  |a Texas A&M University  |b Rellis Campus  |c Joint Library Facility  |d Remote Storage  |t 0  |h Other scheme  |i unmediated -- volume  |k v.145 & suppl.  |l 2019:Sept./Oct.  |m 3238902670939 
952 f f |p ric  |a Texas A&M University  |b Rellis Campus  |c Joint Library Facility  |d Remote Storage  |t 0  |h Other scheme  |i unmediated -- volume  |k v.101:nos.27/28,31/34  |l 1975:Julyl/Aug.  |m 3238900417813 
952 f f |p ric  |a Texas A&M University  |b Rellis Campus  |c Joint Library Facility  |d Remote Storage  |t 0  |h Other scheme  |i unmediated -- volume  |k v.104  |l 1978:May/June  |m 323890041798B 
952 f f |p ric  |a Texas A&M University  |b Rellis Campus  |c Joint Library Facility  |d Remote Storage  |t 0  |h Other scheme  |i unmediated -- volume  |k v.107  |l 1981:Sept.  |m 3238900418241 
952 f f |p ric  |a Texas A&M University  |b Rellis Campus  |c Joint Library Facility  |d Remote Storage  |t 0  |h Other scheme  |i unmediated -- volume  |k v.135 & suppls.  |l 2009:July/Aug.  |m 3238902004671 
952 f f |p ric  |a Texas A&M University  |b Rellis Campus  |c Joint Library Facility  |d Remote Storage  |t 0  |h Other scheme  |i unmediated -- volume  |k v.84  |l 1962:July/Sept.  |m 323890272956D 
952 f f |p ric  |a Texas A&M University  |b Rellis Campus  |c Joint Library Facility  |d Remote Storage  |t 0  |h Other scheme  |i unmediated -- volume  |k v.114 & suppl.  |l 1988:Apr.  |m 3238900827155 
952 f f |p ric  |a Texas A&M University  |b Rellis Campus  |c Joint Library Facility  |d Remote Storage  |t 0  |h Other scheme  |i unmediated -- volume  |k v.62  |l 1951:July/Dec.  |m 3238900417172 
952 f f |p ric  |a Texas A&M University  |b Rellis Campus  |c Joint Library Facility  |d Remote Storage  |t 0  |h Other scheme  |i unmediated -- volume  |k v.26  |l 1936:July/Dec.  |m 3238900416744 
952 f f |p ric  |a Texas A&M University  |b Rellis Campus  |c Joint Library Facility  |d Remote Storage  |t 0  |h Other scheme  |i unmediated -- volume  |k v.110 & suppl.  |l 1984:Sept.  |m 3238902730071 
952 f f |p ric  |a Texas A&M University  |b Rellis Campus  |c Joint Library Facility  |d Remote Storage  |t 0  |h Other scheme  |i unmediated -- volume  |k v.147:nos.18/22 & suppl.  |l 2021  |m 3238902681155 
952 f f |p ric  |a Texas A&M University  |b Rellis Campus  |c Joint Library Facility  |d Remote Storage  |t 0  |h Other scheme  |i unmediated -- volume  |k v.129 & suppl.  |l 2003:Jan./Feb.  |m 3238901338120 
952 f f |p ric  |a Texas A&M University  |b Rellis Campus  |c Joint Library Facility  |d Remote Storage  |t 0  |h Other scheme  |i unmediated -- volume  |k v.109:suppls.  |l 1983:Jan.  |m 3238900362643 
952 f f |p ric  |a Texas A&M University  |b Rellis Campus  |c Joint Library Facility  |d Remote Storage  |t 0  |h Other scheme  |i unmediated -- volume  |k v.94:nos.44,46-52  |l 1968  |m 323890272964C 
952 f f |p ric  |a Texas A&M University  |b Rellis Campus  |c Joint Library Facility  |d Remote Storage  |t 0  |h Other scheme  |i unmediated -- volume  |k v.143 & suppl.  |l 2017:Nov./Dec.  |m 3238902369046 
952 f f |p ric  |a Texas A&M University  |b Rellis Campus  |c Joint Library Facility  |d Remote Storage  |t 0  |h Other scheme  |i unmediated -- volume  |k v.113  |l 1987:Feb.  |m 3238900780625 
952 f f |p ric  |a Texas A&M University  |b Rellis Campus  |c Joint Library Facility  |d Remote Storage  |t 0  |h Other scheme  |i unmediated -- volume  |k v.22  |l 1934:July/Dec.  |m 3238900416711 
952 f f |p ric  |a Texas A&M University  |b Rellis Campus  |c Joint Library Facility  |d Remote Storage  |t 0  |h Other scheme  |i unmediated -- volume  |k v.145 & suppl.  |l 2019:Jan./Feb.  |m 3238902378248 
952 f f |p ric  |a Texas A&M University  |b Rellis Campus  |c Joint Library Facility  |d Remote Storage  |t 0  |h Other scheme  |i unmediated -- volume  |k v.142 & suppls.  |l 2016:Jan./Feb.  |m 323890235488C 
952 f f |p ric  |a Texas A&M University  |b Rellis Campus  |c Joint Library Facility  |d Remote Storage  |t 0  |h Other scheme  |i unmediated -- volume  |k v.149 & suppls.  |l 2023:July/Dec.  |m 323890270598D 
952 f f |p ric  |a Texas A&M University  |b Rellis Campus  |c Joint Library Facility  |d Remote Storage  |t 0  |h Other scheme  |i unmediated -- volume  |k v.108 & suppls.  |l 1982:Jan.  |m 3238900418285 
952 f f |p ric  |a Texas A&M University  |b Rellis Campus  |c Joint Library Facility  |d Remote Storage  |t 0  |h Other scheme  |i unmediated -- volume  |k v.109  |l 1983:May  |m 3238900418689 
952 f f |p ric  |a Texas A&M University  |b Rellis Campus  |c Joint Library Facility  |d Remote Storage  |t 0  |h Other scheme  |i unmediated -- volume  |k v.134  |l 2008:Jan./Feb.  |m 323890198426C 
952 f f |p ric  |a Texas A&M University  |b Rellis Campus  |c Joint Library Facility  |d Remote Storage  |t 0  |h Other scheme  |i unmediated -- volume  |k v.56  |l 1949:Apr./June  |m 323890272818A 
952 f f |p ric  |a Texas A&M University  |b Rellis Campus  |c Joint Library Facility  |d Remote Storage  |t 0  |h Other scheme  |i unmediated -- volume  |k v.60  |l 1950:July/Dec.  |m 3238900417183 
952 f f |p ric  |a Texas A&M University  |b Rellis Campus  |c Joint Library Facility  |d Remote Storage  |t 0  |h Other scheme  |i unmediated -- volume  |k v.49  |l 1947:July/Sept.  |m 3238900416946 
952 f f |p ric  |a Texas A&M University  |b Rellis Campus  |c Joint Library Facility  |d Remote Storage  |t 0  |h Other scheme  |i unmediated -- volume  |k v.128 & suppl.  |l 2002:Mar./Apr.  |m 3238901804274 
952 f f |p ric  |a Texas A&M University  |b Rellis Campus  |c Joint Library Facility  |d Remote Storage  |t 0  |h Other scheme  |i unmediated -- volume  |k v.103  |l 1977:Jan./Feb.  |m 3238900417903 
952 f f |p ric  |a Texas A&M University  |b Rellis Campus  |c Joint Library Facility  |d Remote Storage  |t 0  |h Other scheme  |i unmediated -- volume  |k v.113 & suppl.  |l 1987:June  |m 323890079653C 
952 f f |p ric  |a Texas A&M University  |b Rellis Campus  |c Joint Library Facility  |d Remote Storage  |t 0  |h Other scheme  |i unmediated -- volume  |k v.111:suppl.  |l 1985:Jan.  |m 323890076097B 
952 f f |p ric  |a Texas A&M University  |b Rellis Campus  |c Joint Library Facility  |d Remote Storage  |t 0  |h Other scheme  |i unmediated -- volume  |k v.125 & suppl.  |l 1999:Jan./Feb.  |m 323890159758H 
952 f f |p ric  |a Texas A&M University  |b Rellis Campus  |c Joint Library Facility  |d Remote Storage  |t 0  |h Other scheme  |i unmediated -- volume  |k v.81 & index  |l 1961:Apr./June  |m 323890272827A 
952 f f |p ric  |a Texas A&M University  |b Rellis Campus  |c Joint Library Facility  |d Remote Storage  |t 0  |h Other scheme  |i unmediated -- volume  |k v.117  |l 1991:Mar.  |m 3238900949206 
952 f f |p ric  |a Texas A&M University  |b Rellis Campus  |c Joint Library Facility  |d Remote Storage  |t 0  |h Other scheme  |i unmediated -- volume  |k v.122 & suppl.  |l 1996:Sept./Oct.  |m 3238901464254 
952 f f |p ric  |a Texas A&M University  |b Rellis Campus  |c Joint Library Facility  |d Remote Storage  |t 0  |h Other scheme  |i unmediated -- volume  |k v.108  |l 1982:June  |m 3238900418331 
952 f f |p ric  |a Texas A&M University  |b Rellis Campus  |c Joint Library Facility  |d Remote Storage  |t 0  |h Other scheme  |i unmediated -- volume  |k v.102  |l 1976:July/Aug.  |m 3238900417879 
952 f f |p ric  |a Texas A&M University  |b Rellis Campus  |c Joint Library Facility  |d Remote Storage  |t 0  |h Other scheme  |i unmediated -- volume  |k v.110  |l 1984:Nov.  |m 323890041879B 
952 f f |p ric  |a Texas A&M University  |b Rellis Campus  |c Joint Library Facility  |d Remote Storage  |t 0  |h Other scheme  |i unmediated -- volume  |k v.137 & suppl.  |l 2011:Mar./Apr.  |m 3238902167637 
952 f f |p ric  |a Texas A&M University  |b Rellis Campus  |c Joint Library Facility  |d Remote Storage  |t 0  |h Other scheme  |i unmediated -- volume  |k v.95  |l 1969:Nov./Dec.  |m 323890272967F 
952 f f |p ric  |a Texas A&M University  |b Rellis Campus  |c Joint Library Facility  |d Remote Storage  |t 0  |h Other scheme  |i unmediated -- volume  |k v.115  |l 1989:Jan.  |m 3238900862446 
952 f f |p ric  |a Texas A&M University  |b Rellis Campus  |c Joint Library Facility  |d Remote Storage  |t 0  |h Other scheme  |i unmediated -- volume  |k v.102  |l 1976:Sept./Oct.  |m 323890041788A 
952 f f |p ric  |a Texas A&M University  |b Rellis Campus  |c Joint Library Facility  |d Remote Storage  |t 0  |h Other scheme  |i unmediated -- volume  |k v.113  |l 1987:May  |m 323890079389I 
952 f f |p ric  |a Texas A&M University  |b Rellis Campus  |c Joint Library Facility  |d Remote Storage  |t 0  |h Other scheme  |i unmediated -- volume  |k v.109  |l 1983:Dec.  |m 3238900418814 
952 f f |p ric  |a Texas A&M University  |b Rellis Campus  |c Joint Library Facility  |d Remote Storage  |t 0  |h Other scheme  |i unmediated -- volume  |k v.103  |l 1977:Nov./Dec.  |m 3238900417958 
952 f f |p ric  |a Texas A&M University  |b Rellis Campus  |c Joint Library Facility  |d Remote Storage  |t 0  |h Other scheme  |i unmediated -- volume  |k v.132 & suppl.  |l 2006:Mar./Apr.  |m 3238901962707 
952 f f |p ric  |a Texas A&M University  |b Rellis Campus  |c Joint Library Facility  |d Remote Storage  |t 0  |h Other scheme  |i unmediated -- volume  |k v.148  |l 2022:July/Dec.  |m 323890268951D 
952 f f |p ric  |a Texas A&M University  |b Rellis Campus  |c Joint Library Facility  |d Remote Storage  |t 0  |h Other scheme  |i unmediated -- volume  |k v.117  |l 1991:Dec.  |m 3238901016763 
952 f f |p ric  |a Texas A&M University  |b Rellis Campus  |c Joint Library Facility  |d Remote Storage  |t 0  |h Other scheme  |i unmediated -- volume  |k v.130  |l 2004:Sept./Oct.  |m 3238901840162 
952 f f |p ric  |a Texas A&M University  |b Rellis Campus  |c Joint Library Facility  |d Remote Storage  |t 0  |h Other scheme  |i unmediated -- volume  |k v.89  |l 1965:Jan./Mar.  |m 3238900417295 
952 f f |p ric  |a Texas A&M University  |b Rellis Campus  |c Joint Library Facility  |d Remote Storage  |t 0  |h Other scheme  |i unmediated -- volume  |k v.82  |l 1961:July/Sept.  |m 323890272828B 
952 f f |p ric  |a Texas A&M University  |b Rellis Campus  |c Joint Library Facility  |d Remote Storage  |t 0  |h Other scheme  |i unmediated -- volume  |k v.114  |l 1988:June  |m 3238900832915 
952 f f |p ric  |a Texas A&M University  |b Rellis Campus  |c Joint Library Facility  |d Remote Storage  |t 0  |h Other scheme  |i unmediated -- volume  |k v.136 & suppl.  |l 2010:Mar./Apr.  |m 323890219448A 
952 f f |p ric  |a Texas A&M University  |b Rellis Campus  |c Joint Library Facility  |d Remote Storage  |t 0  |h Other scheme  |i unmediated -- volume  |k v.141:nos.22/26 & suppl.  |l 2015:May/July  |m 323890267892G 
952 f f |p ric  |a Texas A&M University  |b Rellis Campus  |c Joint Library Facility  |d Remote Storage  |t 0  |h Other scheme  |i unmediated -- volume  |k v.29  |l 1938:Jan./June  |m 3238900416766 
952 f f |p ric  |a Texas A&M University  |b Rellis Campus  |c Joint Library Facility  |d Remote Storage  |t 0  |h Other scheme  |i unmediated -- volume  |k v.137:nos.51-52  |l 2011:Dec.  |m 323890267859J 
952 f f |p ric  |a Texas A&M University  |b Rellis Campus  |c Joint Library Facility  |d Remote Storage  |t 0  |h Other scheme  |i unmediated -- volume  |k v.86 & index  |l 1963:Oct./Dec.  |m 3238900417273 
952 f f |p ric  |a Texas A&M University  |b Rellis Campus  |c Joint Library Facility  |d Remote Storage  |t 0  |h Other scheme  |i unmediated -- volume  |k v.117  |l 1991:May  |m 323890099750C 
952 f f |p ric  |a Texas A&M University  |b Rellis Campus  |c Joint Library Facility  |d Remote Storage  |t 0  |h Other scheme  |i unmediated -- volume  |k v.126 & suppl.  |l 2000:Sept./Oct.  |m 3238901640924 
952 f f |p ric  |a Texas A&M University  |b Rellis Campus  |c Joint Library Facility  |d Remote Storage  |t 0  |h Other scheme  |i unmediated -- volume  |k v.100:nos.26/27,29/34  |l 1974:July/Aug.  |m 3238900417745 
998 f f |s v.147:no.18(2021:Aug.)-v.149(2023)  |t 0  |l Remote Storage